{"text_format":"1","workbook":"xlsx","n_sheets":18,"sheets":["Stamdata","$Hest","$ObliFJ","$ObliFE","$ObliD","$Obli1","$Obli2","$Obli3","$FritF","$FritE","$TekniskD1","$Teknisk2Jun","$Teknisk23","$ArtistiskD","$Artistisk3","$Artistisk2","$Artistisk1","$Stam"],"not_rendered":{"charts":0,"images":2,"macros":1,"external_links":0,"defined_names":19,"comments":0,"pivot_tables":0},"unopened":[],"bounds":{"document_bytes":16777216,"sheet_cells":100000,"rows_first":2000,"rows_last":500,"rows_between":2000,"halvings":0,"cell_chars":16384,"cell_head_chars":4096},"cells_cut":0,"cells_raw":0,"read":"whole","date_system":"1900"}

{"sheet":"Stamdata","index":0,"n_rows":55,"n_cols":9,"rows_kept":55,"cut":false,"hidden":false,"merged":[[19,4,19,5],[20,4,20,5],[19,6,19,9],[20,6,20,9],[19,1,20,3],[11,4,11,5],[12,4,12,5],[13,4,13,5],[15,4,15,5],[16,4,16,5],[7,1,17,3],[7,6,7,9],[9,4,9,5],[9,6,9,9],[8,6,8,9],[14,4,14,5],[10,4,10,5],[17,4,17,5],[10,6,10,9],[11,6,11,9],[12,6,12,9],[13,6,13,9],[14,6,14,9],[15,6,15,9],[16,6,16,9],[17,6,17,9],[54,3,55,9],[30,1,31,6],[32,1,33,6],[34,1,35,6],[37,1,38,6],[47,1,51,6],[52,2,52,9],[39,1,41,6],[42,1,43,6],[45,1,46,6],[24,8,27,9],[24,3,27,4],[24,6,27,7],[25,2,27,2],[25,1,27,1],[0,1,0,9],[22,1,22,4],[23,1,23,2],[23,3,23,4],[22,6,22,9],[23,6,23,7],[23,8,23,9],[1,1,1,9],[7,4,7,5],[8,4,8,5],[3,1,5,3],[3,4,3,5],[4,4,4,5],[5,6,5,9],[3,6,3,9],[4,6,4,9]]}
[null,"Dommersedler\nVoltigering - Grupper"]
[null,"For at bruge dette dokument skal makroer aktiveres"]
[]
[null,"Oplysninger om stævnet",null,null,"Dato:",null,""]
[null,null,null,null,"Stævne:",null,""]
[null,null,null,null,"Klassenummer:"]
[]
[null,"Oplysninger om holdet",null,null,"Hold:"]
[null,null,null,null,"Klub:"]
[null,null,null,null,"Holdlicens:"]
[null,null,null,null,"Udøver 1:"]
[null,null,null,null,"Udøver 2:"]
[null,null,null,null,"Udøver 3:"]
[null,null,null,null,"Udøver 4:"]
[null,null,null,null,"Udøver 5:"]
[null,null,null,null,"Udøver 6:"]
[null,null,null,null,"Udøver 7:"]
[null,null,null,null,"Udøver 8:"]
[]
[null,"Oplysninger om hesten",null,null,"Hest:"]
[null,null,null,null,"Longefører:"]
[]
[null,"Dommersedler",null,null,null,null,"Klassen"]
[null,"Antal dommere",null,"Antal runder",null,null,"Klasse",null,"Aldersgruppe"]
[null,"Alm. stævne","Træhest"]
[]
[]
[]
[null,1,null,1,false,true,0,null,0]
[]
[null,"Opret dommersedler"]
[]
[null,"Når alle ovenstående felter er korrekt udfyldt kan dommersedlerne oprettes, ved at trykke på knappen til højre"]
[]
[null,"Opdager man at man har lavet en fejl, kan sedler slettes igen. Fejlen kan rettes, og nogle nye dommersedler kan oprettes."]
[]
[]
[null,"Udskriv dommersedler"]
[]
[null,"Hvis alt er korrekt, kan dommersedlerne udskrives. Ved at trykke på knappen 'Udskriv' kan man selv vælge printer. Alle indstillinger er indstillet korrekt på forhånd."]
[]
[]
[null,"Ved at trykke på knappen 'Auto-udskriv' udskrives automatisk på den aktive printer."]
[]
[]
[null,"Gem dommersedler"]
[]
[null,"Dommersedlerne kan gemmes enten med 'gem som', eller med knappen 'Auto-gem'. Sidstnævnte gemmer automatisk dommersedlerne i samme mappe som dette program, med stien og navnet noteret herunder.\nHar man ændret i stamoplysninger uden at ændre klassen, kan man opdatere filnavnet med 'Opdater filnavn'. Skal hver klasse gemmes i sin egen mappe, kan 'Fordel i mapper' afkrydses."]
[]
[]
[]
[]
[null,"Filnavn:"]
[]
[null,null,null,"For tekniske brugere"]

{"sheet":"$Hest","index":1,"n_rows":33,"n_cols":16,"rows_kept":33,"cut":false,"hidden":true,"merged":[[24,1,27,1],[24,2,26,9],[24,10,27,12],[24,13,25,15],[26,13,27,13],[26,15,27,15],[27,2,27,4],[0,1,0,2],[0,3,0,9],[0,12,1,13],[0,14,1,15],[1,1,1,2],[1,3,1,9],[2,1,2,9],[2,12,2,13],[2,14,2,15],[3,1,3,2],[3,3,3,9],[3,12,3,13],[3,14,3,15],[4,1,4,2],[4,12,4,15],[5,1,5,2],[5,3,5,9],[5,10,5,11],[5,12,5,15],[4,3,4,9],[6,1,6,2],[6,3,6,9],[6,10,6,11],[6,12,6,15],[7,1,7,2],[7,3,7,9],[7,10,7,15],[12,13,12,15],[8,1,8,2],[8,3,8,9],[8,10,8,11],[8,12,8,15],[9,1,9,2],[9,3,9,9],[9,10,9,11],[9,12,9,15],[10,1,10,2],[10,3,10,9],[11,1,11,2],[11,3,11,9],[13,1,17,1],[13,2,17,12],[18,1,18,2],[18,5,18,6],[18,7,18,8],[18,9,18,10],[18,11,18,12],[13,13,17,15],[18,3,18,4],[18,13,19,13],[18,14,19,14],[18,15,19,15],[19,5,19,6],[19,7,19,8],[19,9,19,10],[19,11,19,12],[19,1,19,2],[19,3,19,4],[20,1,23,1],[20,2,21,9],[20,10,21,12],[30,11,31,15],[32,11,32,15],[30,4,31,9],[32,4,32,9],[28,9,28,14],[20,13,21,15],[22,2,22,3],[22,4,22,5],[22,6,22,7],[22,8,22,12],[22,13,23,13],[22,15,23,15],[23,2,23,3],[23,4,23,5],[23,6,23,7]]}
[null,"Stævne:",null,{"$f":"IF(Sted<>0,Sted,\"\")","v":""},null,null,null,null,null,null,{"$f":"P29","v":0},null,"Dommerbord:"]
[null,"Dato:",null,{"$f":"IF(Dato<>0,Dato,\"\")","v":""}]
[null,null,null,null,null,null,null,null,null,null,null,null,"Runde nr:"]
[null,"Hold:",null,{"$f":"IF(Hold<>0,Hold,\"\")","v":""},null,null,null,null,null,null,null,null,"Klasse nr:",null,{"$f":"IF(KlasseNr<>0,KlasseNr,\"\")","v":""}]
[null,"Udøver 1:",null,{"$f":"IF(Navn1<>0,Navn1,\"\")","v":""}]
[null,"Udøver 2:",null,{"$f":"IF(Navn2<>0,Navn2,\"\")","v":""},null,null,null,null,null,null,"Klub:",null,{"$f":"IF(Klub<>0,Klub,\"\")","v":""}]
[null,"Udøver 3:",null,{"$f":"IF(Navn3<>0,Navn3,\"\")","v":""},null,null,null,null,null,null,"Holdlicensnr.:",null,{"$f":"IF(Licens<>0,Licens,\"\")","v":""}]
[null,"Udøver 4:",null,{"$f":"IF(Navn4<>0,Navn4,\"\")","v":""}]
[null,"Udøver 5:",null,{"$f":"IF(Navn5<>0,Navn5,\"\")","v":""},null,null,null,null,null,null,"Hest:",null,{"$f":"IF(Hest<>0,Hest,\"\")","v":""}]
[null,"Udøver 6:",null,{"$f":"IF(Navn6<>0,Navn6,\"\")","v":""},null,null,null,null,null,null,"Longefører:",null,{"$f":"IF(LongeF<>0,LongeF,\"\")","v":""}]
[null,"Udøver 7:",null,{"$f":"IF(Navn7<>0,Navn7,\"\")","v":""}]
[null,"Udøver 8:",null,{"$f":"IF(Navn8<>0,Navn8,\"\")","v":""}]
[null,null,null,null,null,null,null,null,null,null,null,null,null,"Point 0 til 10"]
[null,"Kvalitet af Galop \nog Træning","• Rytme/Takt: Regelmæssighed, energi, konstant skridtlængde, tydelig 3-taktet, tydelig svævefase.\n• Løsgjorthed: Løsgjorthed og smidighed gennem hele hestens krop. Smidig, svingende ryg. Afslappet hals og nakke. Elasticitet. Positiv muskelspænding.\n• Forbindelse/kontakt: Bridge of engagement. Rundet ryg og aktiveret core. Energi fra bagparten flyder gennem hele kroppen til blød og fleksibel kontakt på indspændingstøjler og longe.\n• Spændstighed: Selvbæring med elastiske skridt, smidighed, og aktivering af bagpart. Energi genereret fra aktive bagben inde under kroppens tyngdepunkt (bæring og afskub). Løft af forpart (op-ad-bakke tendens) og sænkning af kryds.\n• Ligeudretning: ‘Relativ’ ligeudretning på volten. Bagben følger forbenenes spor. Hestens længdeakse gennem hele kroppen følger voltens spor.\n• Samlingsgrad: Kryds og bagpart sænket og aktiveret. Bagben vinklet ind under hesten med resulterende lethed og frihed i forpart. Hele overlinjen forlænges. Kortere, kraftfulde, energiske skridt.",null,null,null,null,null,null,null,null,null,null,"Kommentarer"]
[]
[]
[]
[]
[null,"Rytme\n10%",null,"Løsgjorthed\n10%",null,"Forbindelse\n10%",null,"Spændstighed\n10%",null,"Ligeudretning\n10%",null,"Samlingsgrad\n10%",null,"A1\n60%",{"$f":"SUM(B20:M20)/6","v":0},{"$f":"MAX(0,O19*0.6)","v":0}]
[]
[null,"Voltigerbarhed","• Villighed/lydighed: Ingen modstand eller tøven. Opmærksom på hjælperne. Harmoni og lethed.\n• Balance i tempo (frem/tilbage): Konstant korrekt tempo og energi uden farten øges eller sænkes.\n• Balance på volten (ind/ud): Konstant volte på min. 15 m. diameter uden at falde ind i eller ud af volten.",null,null,null,null,null,null,null,"Kommentarer"]
[]
[null,null,"Villighed og lydighed-50%",null,"Balance i tempo - 25%",null,"Balance på volten - 25%",null,"  Fradrag",null,null,null,null,"A2\n25%",{"$f":"C24*0.5+E24*0.25+G24*0.25","v":0},{"$f":"MAX(0,(O23-O24)*0.25)","v":0}]
[null,null,null,null,null,null,null,null,null,null,null,null,null,null,{"$f":"SUM(I24:M24)","v":0}]
[null,"Longering","• Longeringen skal afspejle et let og enkelt samarbejde og kommunikation mellem longefører og hest. Korrekte, diskrete hjælpere. Korrekt placering og kropsholdning. Passende påklædning. Korrekt tilpasset udstyr.\n• Indløb, hilsen, travrunde: Skal udføres i et flydende forløb fra hesten kommer ind på banen til anspring i galop og voltigøren bevæger sig ud til hesten.",null,null,null,null,null,null,null,"Kommentarer"]
[]
[null,null,null,null,null,null,null,null,null,null,null,null,null,"A3\n15%",null,{"$f":"IF(O27<>\"\",MAX(0.00001,(O27-O28)*0.15),0)","v":0}]
[null,null,"Fradrag",null,null,null,null,null,null,null,null,null,null,null,{"$f":"SUM(F28:J28)","v":0}]
[null,null,null,null,null,null,null,null,null,"Total hest:",null,null,null,null,null,{"$f":"ROUND(P19+P23+P27,3)","v":0}]
[]
[]
[]
[null,null,null,null,"Dommer",null,null,null,null,null,null,"Underskrift"]

{"sheet":"$ObliFJ","index":2,"n_rows":42,"n_cols":16,"rows_kept":42,"cut":false,"hidden":true,"merged":[[3,14,3,15],[0,1,0,2],[0,3,0,9],[0,12,1,13],[1,1,1,2],[1,3,1,9],[2,1,2,9],[2,12,2,13],[3,1,3,2],[3,3,3,9],[3,12,3,13],[4,1,4,2],[4,3,4,9],[4,12,4,15],[5,1,5,2],[5,3,5,9],[5,10,5,11],[5,12,5,15],[6,1,6,2],[6,3,6,9],[6,10,6,11],[6,12,6,15],[7,1,7,2],[7,3,7,9],[7,10,7,15],[8,1,8,2],[8,3,8,9],[8,10,8,11],[8,12,8,15],[9,1,9,2],[9,3,9,9],[9,10,9,11],[9,12,9,15],[10,1,10,2],[10,3,10,9],[11,1,11,2],[11,3,11,9],[13,1,13,9],[21,1,21,6],[13,13,13,15],[14,1,14,2],[14,3,14,9],[14,10,14,12],[15,1,15,2],[15,3,15,9],[15,10,15,12],[13,10,13,12],[16,1,16,9],[16,10,16,12],[16,13,16,14],[17,1,17,14],[20,1,20,6],[39,4,40,9],[41,4,41,9],[39,11,40,15],[41,11,41,15],[0,14,1,15],[2,14,2,15],[22,1,22,6],[23,1,23,6],[24,1,24,6],[26,1,37,9],[26,11,26,14],[27,11,27,14],[28,11,28,14],[30,11,30,14],[31,11,31,14],[33,11,33,14]]}
[null,"Stævne:",null,{"$f":"IF(Sted<>0,Sted,\"\")","v":""},null,null,null,null,null,null,{"$f":"P34","v":0},null,"Dommerbord:"]
[null,"Dato:",null,{"$f":"IF(Dato<>0,Dato,\"\")","v":""}]
[null,null,null,null,null,null,null,null,null,null,null,null,"Runde nr:"]
[null,"Hold:",null,{"$f":"IF(Hold<>0,Hold,\"\")","v":""},null,null,null,null,null,null,null,null,"Klasse nr:",null,{"$f":"IF(KlasseNr<>0,KlasseNr,\"\")","v":""}]
[null,"Udøver 1:",null,{"$f":"IF(Navn1<>0,Navn1,\"\")","v":""}]
[null,"Udøver 2:",null,{"$f":"IF(Navn2<>0,Navn2,\"\")","v":""},null,null,null,null,null,null,"Klub:",null,{"$f":"IF(Klub<>0,Klub,\"\")","v":""}]
[null,"Udøver 3:",null,{"$f":"IF(Navn3<>0,Navn3,\"\")","v":""},null,null,null,null,null,null,"Holdlicensnr.:",null,{"$f":"IF(Licens<>0,Licens,\"\")","v":""}]
[null,"Udøver 4:",null,{"$f":"IF(Navn4<>0,Navn4,\"\")","v":""}]
[null,"Udøver 5:",null,{"$f":"IF(Navn5<>0,Navn5,\"\")","v":""},null,null,null,null,null,null,"Hest:",null,{"$f":"IF(Hest<>0,Hest,\"\")","v":""}]
[null,"Udøver 6:",null,{"$f":"IF(Navn6<>0,Navn6,\"\")","v":""},null,null,null,null,null,null,"Longefører:",null,{"$f":"IF(LongeF<>0,LongeF,\"\")","v":""}]
[null,"Udøver 7:",null,{"$f":"IF(Navn7<>0,Navn7,\"\")","v":""}]
[null,"Udøver 8:",null,{"$f":"IF(Navn8<>0,Navn8,\"\")","v":""}]
[]
[null,"HEST - Samarbejdet mellem longefører og hest",null,null,null,null,null,null,null,null,"Kommentarer",null,null,"Point - 0 til 10"]
[null,"Lydighed",null,"Opmærksomhed (på signaler) og tillid. \nPerfekt volte",null,null,null,null,null,null,null,null,null,0.5,null,{"$f":"O15*N15","v":0}]
[null,"Longering",null,"Korrekte hjælpere. Passende brug af pisk. Longelinen er udstrakt med kontakt til hesten. Longefører står stille med god holdning",null,null,null,null,null,null,null,null,null,0.5,null,{"$f":"O16*N16","v":0}]
[null,"Fradrag"]
[null,"Total - Hest",null,null,null,null,null,null,null,null,null,null,null,null,null,{"$f":"(P15+P16)-P17","v":0}]
[]
[null,null,null,null,null,null,null,1,2,3,4,5,6,7,8,"Sum"]
[null,"Ridesæde",null,null,null,null,null,null,null,null,null,null,null,null,null,{"$f":"SUM(H21:O21)","v":0}]
[null,"Fane uden arm",null,null,null,null,null,null,null,null,null,null,null,null,null,0]
[null,"Knæstand",null,null,null,null,null,null,null,null,null,null,null,null,null,0]
[null,"Halv mølle",null,null,null,null,null,null,null,null,null,null,null,null,null,0]
[null,"Baglæns grundsæde\nafgang til indvendig",null,null,null,null,null,null,null,null,null,null,null,null,null,0]
[]
[null,"Kommentarer",null,null,null,null,null,null,null,null,null,"Samlet sum af øvelser:",null,null,null,{"$f":"SUM(P21:P25)","v":0}]
[null,null,null,null,null,null,null,null,null,null,null,"Antal voltigører:",null,null,null,{"$f":"COUNT(H21:O21)","v":0}]
[null,null,null,null,null,null,null,null,null,null,null,"Samlet gns. af øvelser:",null,null,null,{"$f":"IFERROR((P27/5)/(P28),0)","v":0}]
[]
[null,null,null,null,null,null,null,null,null,null,null,"Øvelser x 75%",null,null,null,{"$f":"P29*0.75","v":0}]
[null,null,null,null,null,null,null,null,null,null,null,"Hest x 25%:",null,null,null,{"$f":"P18*0.25","v":0}]
[]
[null,null,null,null,null,null,null,null,null,null,null,"Total obligatoriske:",null,null,null,{"$f":"IF(P32=\"\",ROUND(P29,3),ROUND(P31+P32,3))","v":0}]
[]
[]
[]
[]
[]
[]
[]
[null,null,null,null,"Dommer",null,null,null,null,null,null,"Underskrift"]

{"sheet":"$ObliFE","index":3,"n_rows":42,"n_cols":16,"rows_kept":42,"cut":false,"hidden":true,"merged":[[3,14,3,15],[0,1,0,2],[0,3,0,9],[0,12,1,13],[1,1,1,2],[1,3,1,9],[2,1,2,9],[2,12,2,13],[3,1,3,2],[3,3,3,9],[3,12,3,13],[0,14,1,15],[2,14,2,15],[4,1,4,2],[4,3,4,9],[4,12,4,15],[5,1,5,2],[5,3,5,9],[5,10,5,11],[5,12,5,15],[6,1,6,2],[6,3,6,9],[6,10,6,11],[6,12,6,15],[7,1,7,2],[7,3,7,9],[7,10,7,15],[8,1,8,2],[8,3,8,9],[8,10,8,11],[8,12,8,15],[9,1,9,2],[9,3,9,9],[9,10,9,11],[9,12,9,15],[10,1,10,2],[10,3,10,9],[11,1,11,2],[11,3,11,9],[13,1,13,9],[28,11,28,14],[29,11,29,14],[31,11,31,14],[32,11,32,14],[34,11,34,14],[13,13,13,15],[14,1,14,2],[14,3,14,9],[14,10,14,12],[15,1,15,2],[15,3,15,9],[15,10,15,12],[13,10,13,12],[39,11,40,15],[41,11,41,15],[39,4,40,9],[41,4,41,9],[16,13,16,14],[17,1,17,14],[20,1,20,6],[21,1,21,6],[22,1,22,6],[23,1,23,6],[24,1,24,6],[16,1,16,9],[16,10,16,12],[25,1,25,6],[27,1,37,9],[27,11,27,14]]}
[null,"Stævne:",null,{"$f":"IF(Sted<>0,Sted,\"\")","v":""},null,null,null,null,null,null,{"$f":"P35","v":0},null,"Dommerbord:"]
[null,"Dato:",null,{"$f":"IF(Dato<>0,Dato,\"\")","v":""}]
[null,null,null,null,null,null,null,null,null,null,null,null,"Runde nr:"]
[null,"Hold:",null,{"$f":"IF(Hold<>0,Hold,\"\")","v":""},null,null,null,null,null,null,null,null,"Klasse nr:",null,{"$f":"IF(KlasseNr<>0,KlasseNr,\"\")","v":""}]
[null,"Udøver 1:",null,{"$f":"IF(Navn1<>0,Navn1,\"\")","v":""}]
[null,"Udøver 2:",null,{"$f":"IF(Navn2<>0,Navn2,\"\")","v":""},null,null,null,null,null,null,"Klub:",null,{"$f":"IF(Klub<>0,Klub,\"\")","v":""}]
[null,"Udøver 3:",null,{"$f":"IF(Navn3<>0,Navn3,\"\")","v":""},null,null,null,null,null,null,"Holdlicensnr.:",null,{"$f":"IF(Licens<>0,Licens,\"\")","v":""}]
[null,"Udøver 4:",null,{"$f":"IF(Navn4<>0,Navn4,\"\")","v":""}]
[null,"Udøver 5:",null,{"$f":"IF(Navn5<>0,Navn5,\"\")","v":""},null,null,null,null,null,null,"Hest:",null,{"$f":"IF(Hest<>0,Hest,\"\")","v":""}]
[null,"Udøver 6:",null,{"$f":"IF(Navn6<>0,Navn6,\"\")","v":""},null,null,null,null,null,null,"Longefører:",null,{"$f":"IF(LongeF<>0,LongeF,\"\")","v":""}]
[null,"Udøver 7:",null,{"$f":"IF(Navn7<>0,Navn7,\"\")","v":""}]
[null,"Udøver 8:",null,{"$f":"IF(Navn8<>0,Navn8,\"\")","v":""}]
[]
[null,"HEST - Samarbejdet mellem longefører og hest",null,null,null,null,null,null,null,null,"Kommentarer",null,null,"Point - 0 til 10"]
[null,"Lydighed",null,"Opmærksomhed (på signaler) og tillid. \nPerfekt volte",null,null,null,null,null,null,null,null,null,0.5,null,{"$f":"O15*N15","v":0}]
[null,"Longering",null,"Korrekte hjælpere. Passende brug af pisk. Longelinen er udstrakt med kontakt til hesten. Longefører står stille med god holdning",null,null,null,null,null,null,null,null,null,0.5,null,{"$f":"O16*N16","v":0}]
[null,"Fradrag"]
[null,"Total - Hest",null,null,null,null,null,null,null,null,null,null,null,null,null,{"$f":"(P15+P16)-P17","v":0}]
[]
[null,null,null,null,null,null,null,1,2,3,4,5,6,7,8,"Sum"]
[null,"Ridesæde",null,null,null,null,null,null,null,null,null,null,null,null,null,{"$f":"SUM(H21:O21)","v":0}]
[null,"Fane uden arm",null,null,null,null,null,null,null,null,null,null,null,null,null,0]
[null,"Knæstand",null,null,null,null,null,null,null,null,null,null,null,null,null,0]
[null,"Forlæns sving - samlede ben",null,null,null,null,null,null,null,null,null,null,null,null,null,0]
[null,"Halv mølle",null,null,null,null,null,null,null,null,null,null,null,null,null,0]
[null,"Baglæns sving - adskilte ben \nafgang indvendig",null,null,null,null,null,null,null,null,null,null,null,null,null,0]
[]
[null,"Kommentarer",null,null,null,null,null,null,null,null,null,"Samlet sum af øvelser:",null,null,null,{"$f":"SUM(P21:P26)","v":0}]
[null,null,null,null,null,null,null,null,null,null,null,"Antal voltigører:",null,null,null,{"$f":"COUNT(H21:O21)","v":0}]
[null,null,null,null,null,null,null,null,null,null,null,"Samlet gns. af øvelser:",null,null,null,{"$f":"IFERROR(P28/(6*P29),0)","v":0}]
[]
[null,null,null,null,null,null,null,null,null,null,null,"Øvelser x 75%",null,null,null,{"$f":"P30*0.75","v":0}]
[null,null,null,null,null,null,null,null,null,null,null,"Hest x 25%:",null,null,null,{"$f":"P18*0.25","v":0}]
[]
[null,null,null,null,null,null,null,null,null,null,null,"Total obligatoriske:",null,null,null,{"$f":"IF(P33=\"\",ROUND(P30,3),ROUND(P32+P33,3))","v":0}]
[]
[]
[]
[]
[]
[]
[null,null,null,null,"Dommer",null,null,null,null,null,null,"Underskrift"]

{"sheet":"$ObliD","index":4,"n_rows":46,"n_cols":16,"rows_kept":46,"cut":false,"hidden":true,"merged":[[3,14,3,15],[2,14,2,15],[0,1,0,2],[0,3,0,9],[0,12,1,13],[1,1,1,2],[1,3,1,9],[0,14,1,15],[2,1,2,9],[2,12,2,13],[3,1,3,2],[3,3,3,9],[3,12,3,13],[4,1,4,2],[4,3,4,9],[4,12,4,15],[5,1,5,2],[5,3,5,9],[5,10,5,11],[5,12,5,15],[6,1,6,2],[6,3,6,9],[6,10,6,11],[6,12,6,15],[7,1,7,2],[7,3,7,9],[7,10,7,15],[8,1,8,2],[8,3,8,9],[8,10,8,11],[8,12,8,15],[9,1,9,2],[9,3,9,9],[9,10,9,11],[9,12,9,15],[23,8,23,14],[10,1,10,2],[10,3,10,9],[13,1,13,7],[14,1,14,7],[15,1,15,7],[16,1,16,7],[17,1,17,7],[18,1,18,7],[19,1,19,7],[21,8,21,14],[22,8,22,14],[25,8,25,14],[27,1,41,15],[43,11,44,15],[45,11,45,15],[43,4,44,9],[45,4,45,9]]}
[null,"Stævne:",null,{"$f":"IF(Sted<>0,Sted,\"\")","v":""},null,null,null,null,null,null,{"$f":"P26","v":0},null,"Dommerbord:"]
[null,"Dato:",null,{"$f":"IF(Dato<>0,Dato,\"\")","v":""}]
[null,null,null,null,null,null,null,null,null,null,null,null,"Runde nr:"]
[null,"Hold:",null,{"$f":"IF(Hold<>0,Hold,\"\")","v":""},null,null,null,null,null,null,null,null,"Klasse nr:",null,{"$f":"IF(KlasseNr<>0,KlasseNr,\"\")","v":""}]
[null,"Udøver 1:",null,{"$f":"IF(Navn1<>0,Navn1,\"\")","v":""}]
[null,"Udøver 2:",null,{"$f":"IF(Navn2<>0,Navn2,\"\")","v":""},null,null,null,null,null,null,"Klub:",null,{"$f":"IF(Klub<>0,Klub,\"\")","v":""}]
[null,"Udøver 3:",null,{"$f":"IF(Navn3<>0,Navn3,\"\")","v":""},null,null,null,null,null,null,"Holdlicensnr.:",null,{"$f":"IF(Licens<>0,Licens,\"\")","v":""}]
[null,"Udøver 4:",null,{"$f":"IF(Navn4<>0,Navn4,\"\")","v":""}]
[null,"Udøver 5:",null,{"$f":"IF(Navn5<>0,Navn5,\"\")","v":""},null,null,null,null,null,null,"Hest:",null,{"$f":"IF(Hest<>0,Hest,\"\")","v":""}]
[null,"Udøver 6:",null,{"$f":"IF(Navn6<>0,Navn6,\"\")","v":""},null,null,null,null,null,null,"Longefører:",null,{"$f":"IF(LongeF<>0,LongeF,\"\")","v":""}]
[null,"Udøver 7:",null,{"$f":"IF(Navn7<>0,Navn7,\"\")","v":""}]
[]
[null,null,null,null,null,null,null,null,1,2,3,4,5,6,7,"Sum"]
[null,"Opspring",null,null,null,null,null,null,null,null,null,null,null,null,null,{"$f":"SUM(I14:O14)","v":0}]
[null,"Ridesæde",null,null,null,null,null,null,null,null,null,null,null,null,null,0]
[null,"Fane uden arm",null,null,null,null,null,null,null,null,null,null,null,null,null,0]
[null,"Knæstand",null,null,null,null,null,null,null,null,null,null,null,null,null,0]
[null,"Forlæns sving - samlede ben",null,null,null,null,null,null,null,null,null,null,null,null,null,0]
[null,"Halv mølle",null,null,null,null,null,null,null,null,null,null,null,null,null,0]
[null,"Baglæns sving - adskilte ben \nafgang indvendig",null,null,null,null,null,null,null,null,null,null,null,null,null,0]
[]
[null,null,null,null,null,null,null,null,"Samlet obligatoriske:",null,null,null,null,null,null,{"$f":"SUM(P14:P20)","v":0}]
[null,null,null,null,null,null,null,null,"Antal voltigører:",null,null,null,null,null,null,{"$f":"COUNT(I14:O14)","v":0}]
[null,null,null,null,null,null,null,null,"Obli / antal voltigører:",null,null,null,null,null,null,{"$f":"IFERROR(P22/P23,0)","v":0}]
[]
[null,null,null,null,null,null,null,null,"/7 = Total obligatoriske:",null,null,null,null,null,null,{"$f":"ROUND(P24/7,3)","v":0}]
[]
[null,"Kommentarer"]
[]
[]
[]
[]
[]
[]
[]
[]
[]
[]
[]
[]
[]
[]
[]
[]
[]
[null,null,null,null,"Dommer",null,null,null,null,null,null,"Underskrift"]

{"sheet":"$Obli1","index":5,"n_rows":46,"n_cols":16,"rows_kept":46,"cut":false,"hidden":true,"merged":[[3,14,3,15],[0,1,0,2],[0,3,0,9],[0,12,1,13],[1,1,1,2],[1,3,1,9],[2,1,2,9],[2,12,2,13],[3,1,3,2],[3,3,3,9],[3,12,3,13],[4,1,4,2],[4,3,4,9],[4,12,4,15],[5,1,5,2],[5,3,5,9],[5,10,5,11],[5,12,5,15],[6,1,6,2],[6,3,6,9],[6,10,6,11],[6,12,6,15],[7,1,7,2],[7,3,7,9],[7,10,7,15],[8,1,8,2],[8,3,8,9],[8,10,8,11],[8,12,8,15],[9,1,9,2],[9,3,9,9],[9,10,9,11],[9,12,9,15],[43,4,44,9],[45,4,45,9],[43,11,44,15],[45,11,45,15],[0,14,1,15],[2,14,2,15],[20,8,20,14],[21,8,21,14],[23,8,23,14],[25,1,41,15],[11,6,11,8],[12,6,12,8],[13,6,13,8],[14,6,14,8],[15,6,15,8],[16,6,16,8],[18,6,18,8],[12,1,12,5],[13,1,13,5],[14,1,14,5],[15,1,15,5],[16,1,16,5],[17,1,17,5],[18,1,18,5],[17,6,17,8]]}
[null,"Stævne:",null,{"$f":"IF(Sted<>0,Sted,\"\")","v":""},null,null,null,null,null,null,{"$f":"P24","v":0},null,"Dommerbord:"]
[null,"Dato:",null,{"$f":"IF(Dato<>0,Dato,\"\")","v":""}]
[null,null,null,null,null,null,null,null,null,null,null,null,"Runde nr:"]
[null,"Hold:",null,{"$f":"IF(Hold<>0,Hold,\"\")","v":""},null,null,null,null,null,null,null,null,"Klasse nr:",null,{"$f":"IF(KlasseNr<>0,KlasseNr,\"\")","v":""}]
[null,"Udøver 1:",null,{"$f":"IF(Navn1<>0,Navn1,\"\")","v":""}]
[null,"Udøver 2:",null,{"$f":"IF(Navn2<>0,Navn2,\"\")","v":""},null,null,null,null,null,null,"Klub:",null,{"$f":"IF(Klub<>0,Klub,\"\")","v":""}]
[null,"Udøver 3:",null,{"$f":"IF(Navn3<>0,Navn3,\"\")","v":""},null,null,null,null,null,null,"Holdlicensnr.:",null,{"$f":"IF(Licens<>0,Licens,\"\")","v":""}]
[null,"Udøver 4:",null,{"$f":"IF(Navn4<>0,Navn4,\"\")","v":""}]
[null,"Udøver 5:",null,{"$f":"IF(Navn5<>0,Navn5,\"\")","v":""},null,null,null,null,null,null,"Hest:",null,{"$f":"IF(Hest<>0,Hest,\"\")","v":""}]
[null,"Udøver 6:",null,{"$f":"IF(Navn6<>0,Navn6,\"\")","v":""},null,null,null,null,null,null,"Longefører:",null,{"$f":"IF(LongeF<>0,LongeF,\"\")","v":""}]
[]
[null,null,null,null,null,null,"Note",null,null,1,2,3,4,5,6,"Sum"]
[null,"Opspring",null,null,null,null,null,null,null,null,null,null,null,null,null,{"$f":"SUM(J13:O13)","v":0}]
[null,"Ridesæde",null,null,null,null,null,null,null,null,null,null,null,null,null,0]
[null,"Fane",null,null,null,null,null,null,null,null,null,null,null,null,null,0]
[null,"Stand",null,null,null,null,null,null,null,null,null,null,null,null,null,0]
[null,"Forlæns sving - samlede ben",null,null,null,null,null,null,null,null,null,null,null,null,null,0]
[null,"Halv mølle",null,null,null,null,null,null,null,null,null,null,null,null,null,0]
[null,"Baglæns sving - adskilte ben \nafgang indvendig",null,null,null,null,null,null,null,null,null,null,null,null,null,0]
[]
[null,null,null,null,null,null,null,null,"Samlet obligatoriske:",null,null,null,null,null,null,{"$f":"SUM(P13:P19)","v":0}]
[null,null,null,null,null,null,null,null,"Obli / 6 voltigører:",null,null,null,null,null,null,{"$f":"IFERROR(P21/6,0)","v":0}]
[]
[null,null,null,null,null,null,null,null,"/7 = Total obligatoriske:",null,null,null,null,null,null,{"$f":"ROUND(P22/7,3)","v":0}]
[]
[null,"Kommentarer"]
[]
[]
[]
[]
[]
[]
[]
[]
[]
[]
[]
[]
[]
[]
[]
[]
[]
[]
[]
[null,null,null,null,"Dommer",null,null,null,null,null,null,"Underskrift"]

{"sheet":"$Obli2","index":6,"n_rows":45,"n_cols":16,"rows_kept":45,"cut":false,"hidden":true,"merged":[[3,14,3,15],[2,14,2,15],[0,1,0,2],[0,3,0,9],[0,12,1,13],[1,1,1,2],[1,3,1,9],[0,14,1,15],[2,1,2,9],[2,12,2,13],[3,1,3,2],[3,3,3,9],[3,12,3,13],[4,1,4,2],[4,3,4,9],[4,12,4,15],[5,1,5,2],[5,3,5,9],[5,10,5,11],[5,12,5,15],[6,1,6,2],[6,3,6,9],[6,10,6,11],[6,12,6,15],[7,1,7,2],[7,3,7,9],[7,10,7,15],[8,12,8,15],[9,1,9,2],[9,3,9,9],[9,10,9,11],[9,12,9,15],[14,1,14,5],[14,6,14,8],[8,1,8,2],[8,3,8,9],[8,10,8,11],[11,6,11,8],[12,1,12,5],[12,6,12,8],[13,1,13,5],[13,6,13,8],[22,8,22,14],[15,1,15,5],[15,6,15,8],[16,1,16,5],[16,6,16,8],[17,1,17,5],[17,6,17,8],[18,1,18,5],[18,6,18,8],[19,1,19,5],[19,6,19,8],[21,8,21,14],[24,8,24,14],[26,1,40,15],[42,11,43,15],[44,11,44,15],[42,4,43,9],[44,4,44,9]]}
[null,"Stævne:",null,{"$f":"IF(Sted<>0,Sted,\"\")","v":""},null,null,null,null,null,null,{"$f":"P25","v":0},null,"Dommerbord:"]
[null,"Dato:",null,{"$f":"IF(Dato<>0,Dato,\"\")","v":""}]
[null,null,null,null,null,null,null,null,null,null,null,null,"Runde nr:"]
[null,"Hold:",null,{"$f":"IF(Hold<>0,Hold,\"\")","v":""},null,null,null,null,null,null,null,null,"Klasse nr:",null,{"$f":"IF(KlasseNr<>0,KlasseNr,\"\")","v":""}]
[null,"Udøver 1:",null,{"$f":"IF(Navn1<>0,Navn1,\"\")","v":""}]
[null,"Udøver 2:",null,{"$f":"IF(Navn2<>0,Navn2,\"\")","v":""},null,null,null,null,null,null,"Klub:",null,{"$f":"IF(Klub<>0,Klub,\"\")","v":""}]
[null,"Udøver 3:",null,{"$f":"IF(Navn3<>0,Navn3,\"\")","v":""},null,null,null,null,null,null,"Holdlicensnr.:",null,{"$f":"IF(Licens<>0,Licens,\"\")","v":""}]
[null,"Udøver 4:",null,{"$f":"IF(Navn4<>0,Navn4,\"\")","v":""}]
[null,"Udøver 5:",null,{"$f":"IF(Navn5<>0,Navn5,\"\")","v":""},null,null,null,null,null,null,"Hest:",null,{"$f":"IF(Hest<>0,Hest,\"\")","v":""}]
[null,"Udøver 6:",null,{"$f":"IF(Navn6<>0,Navn6,\"\")","v":""},null,null,null,null,null,null,"Longefører:",null,{"$f":"IF(LongeF<>0,LongeF,\"\")","v":""}]
[]
[null,null,null,null,null,null,"Note",null,null,1,2,3,4,5,6,"Sum"]
[null,"Opspring",null,null,null,null,null,null,null,null,null,null,null,null,null,{"$f":"SUM(J13:O13)","v":0}]
[null,"Ridesæde",null,null,null,null,null,null,null,null,null,null,null,null,null,0]
[null,"Fane",null,null,null,null,null,null,null,null,null,null,null,null,null,0]
[null,"Mølle",null,null,null,null,null,null,null,null,null,null,null,null,null,0]
[null,"Saks 1. del",null,null,null,null,null,null,null,null,null,null,null,null,null,0]
[null,"Saks 2. del",null,null,null,null,null,null,null,null,null,null,null,null,null,0]
[null,"Stand",null,null,null,null,null,null,null,null,null,null,null,null,null,0]
[null,"Første del flanke med nedgang til indvendig",null,null,null,null,null,null,null,null,null,null,null,null,null,0]
[]
[null,null,null,null,null,null,null,null,"Samlet obligatoriske:",null,null,null,null,null,null,{"$f":"SUM(P13:P20)","v":0}]
[null,null,null,null,null,null,null,null,"Obli / 6 voltigører:",null,null,null,null,null,null,{"$f":"IFERROR(P22/6,0)","v":0}]
[]
[null,null,null,null,null,null,null,null,"/8 = Total obligatoriske:",null,null,null,null,null,null,{"$f":"ROUND(P23/8,3)","v":0}]
[]
[null,"Kommentarer"]
[]
[]
[]
[]
[]
[]
[]
[]
[]
[]
[]
[]
[]
[]
[]
[]
[]
[null,null,null,null,"Dommer",null,null,null,null,null,null,"Underskrift"]

{"sheet":"$Obli3","index":7,"n_rows":45,"n_cols":16,"rows_kept":45,"cut":false,"hidden":true,"merged":[[3,14,3,15],[2,14,2,15],[0,1,0,2],[0,3,0,9],[0,12,1,13],[1,1,1,2],[1,3,1,9],[0,14,1,15],[2,1,2,9],[2,12,2,13],[3,1,3,2],[3,3,3,9],[3,12,3,13],[4,1,4,2],[4,3,4,9],[4,12,4,15],[5,1,5,2],[5,3,5,9],[5,10,5,11],[5,12,5,15],[6,1,6,2],[6,3,6,9],[6,10,6,11],[6,12,6,15],[7,1,7,2],[7,3,7,9],[7,10,7,15],[8,12,8,15],[9,1,9,2],[9,3,9,9],[9,10,9,11],[9,12,9,15],[14,1,14,5],[14,6,14,8],[8,1,8,2],[8,3,8,9],[8,10,8,11],[11,6,11,8],[12,1,12,5],[12,6,12,8],[13,1,13,5],[13,6,13,8],[22,8,22,14],[15,1,15,5],[15,6,15,8],[16,1,16,5],[16,6,16,8],[17,1,17,5],[17,6,17,8],[18,1,18,5],[18,6,18,8],[19,1,19,5],[19,6,19,8],[21,8,21,14],[24,8,24,14],[26,1,40,15],[42,4,43,9],[42,11,43,15],[44,4,44,9],[44,11,44,15]]}
[null,"Stævne:",null,{"$f":"IF(Sted<>0,Sted,\"\")","v":""},null,null,null,null,null,null,{"$f":"P25","v":0},null,"Dommerbord:"]
[null,"Dato:",null,{"$f":"IF(Dato<>0,Dato,\"\")","v":""}]
[null,null,null,null,null,null,null,null,null,null,null,null,"Runde nr:"]
[null,"Hold:",null,{"$f":"IF(Hold<>0,Hold,\"\")","v":""},null,null,null,null,null,null,null,null,"Klasse nr:",null,{"$f":"IF(KlasseNr<>0,KlasseNr,\"\")","v":""}]
[null,"Udøver 1:",null,{"$f":"IF(Navn1<>0,Navn1,\"\")","v":""}]
[null,"Udøver 2:",null,{"$f":"IF(Navn2<>0,Navn2,\"\")","v":""},null,null,null,null,null,null,"Klub:",null,{"$f":"IF(Klub<>0,Klub,\"\")","v":""}]
[null,"Udøver 3:",null,{"$f":"IF(Navn3<>0,Navn3,\"\")","v":""},null,null,null,null,null,null,"Holdlicensnr.:",null,{"$f":"IF(Licens<>0,Licens,\"\")","v":""}]
[null,"Udøver 4:",null,{"$f":"IF(Navn4<>0,Navn4,\"\")","v":""}]
[null,"Udøver 5:",null,{"$f":"IF(Navn5<>0,Navn5,\"\")","v":""},null,null,null,null,null,null,"Hest:",null,{"$f":"IF(Hest<>0,Hest,\"\")","v":""}]
[null,"Udøver 6:",null,{"$f":"IF(Navn6<>0,Navn6,\"\")","v":""},null,null,null,null,null,null,"Longefører:",null,{"$f":"IF(LongeF<>0,LongeF,\"\")","v":""}]
[]
[null,null,null,null,null,null,"Note",null,null,1,2,3,4,5,6,"Sum"]
[null,"Opspring",null,null,null,null,null,null,null,null,null,null,null,null,null,{"$f":"SUM(J13:O13)","v":0}]
[null,"Fane",null,null,null,null,null,null,null,null,null,null,null,null,null,0]
[null,"Mølle",null,null,null,null,null,null,null,null,null,null,null,null,null,0]
[null,"Saks 1. del",null,null,null,null,null,null,null,null,null,null,null,null,null,0]
[null,"Saks 2. del",null,null,null,null,null,null,null,null,null,null,null,null,null,0]
[null,"Stand",null,null,null,null,null,null,null,null,null,null,null,null,null,0]
[null,"Flanke 1. del",null,null,null,null,null,null,null,null,null,null,null,null,null,0]
[null,"Afspring til udvendig",null,null,null,null,null,null,null,null,null,null,null,null,null,0]
[]
[null,null,null,null,null,null,null,null,"Samlet obligatoriske:",null,null,null,null,null,null,{"$f":"SUM(P13:P20)","v":0}]
[null,null,null,null,null,null,null,null,"Obli / antal voltigører:",null,null,null,null,null,null,{"$f":"IFERROR(P22/6,0)","v":0}]
[]
[null,null,null,null,null,null,null,null,"/8 = Total obligatoriske:",null,null,null,null,null,null,{"$f":"ROUND(P23/8,3)","v":0}]
[]
[null,"Kommentarer"]
[]
[]
[]
[]
[]
[]
[]
[]
[]
[]
[]
[]
[]
[]
[]
[]
[]
[null,null,null,null,"Dommer",null,null,null,null,null,null,"Underskrift"]

{"sheet":"$FritF","index":8,"n_rows":41,"n_cols":16,"rows_kept":41,"cut":false,"hidden":true,"merged":[[3,14,3,15],[2,14,2,15],[0,1,0,2],[0,3,0,9],[0,12,1,13],[1,1,1,2],[1,3,1,9],[0,14,1,15],[2,1,2,9],[2,12,2,13],[3,1,3,2],[3,3,3,9],[3,12,3,13],[4,1,4,2],[4,3,4,9],[4,12,4,15],[5,1,5,2],[5,3,5,9],[5,10,5,11],[5,12,5,15],[6,1,6,2],[6,3,6,9],[6,10,6,11],[6,12,6,15],[7,1,7,2],[7,3,7,9],[7,10,7,15],[8,1,8,2],[8,3,8,9],[8,10,8,11],[8,12,8,15],[9,1,9,2],[9,3,9,9],[9,10,9,11],[9,12,9,15],[10,1,10,2],[10,3,10,9],[11,1,11,2],[11,3,11,9],[13,1,13,9],[13,13,13,15],[14,1,14,2],[14,3,14,9],[14,10,14,12],[15,1,15,2],[15,3,15,9],[15,10,15,12],[13,10,13,12],[16,1,16,14],[17,1,17,14],[19,1,19,4],[20,1,28,15],[30,1,30,11],[30,12,30,13],[40,4,40,9],[40,11,40,15],[31,1,31,11],[31,12,31,13],[32,1,32,11],[32,12,32,13],[33,1,33,11],[33,12,33,13],[34,1,34,11],[34,12,34,13],[36,10,36,14],[38,4,39,9],[38,11,39,15]]}
[null,"Stævne:",null,{"$f":"IF(Sted<>0,Sted,\"\")","v":""},null,null,null,null,null,null,{"$f":"P37","v":0},null,"Dommerbord:"]
[null,"Dato:",null,{"$f":"IF(Dato<>0,Dato,\"\")","v":""},null,null,null,null,null,null,4]
[null,null,null,null,null,null,null,null,null,null,null,null,"Runde nr:"]
[null,"Hold:",null,{"$f":"IF(Hold<>0,Hold,\"\")","v":""},null,null,null,null,null,null,null,null,"Klasse nr:",null,{"$f":"IF(KlasseNr<>0,KlasseNr,\"\")","v":""}]
[null,"Udøver 1:",null,{"$f":"IF(Navn1<>0,Navn1,\"\")","v":""}]
[null,"Udøver 2:",null,{"$f":"IF(Navn2<>0,Navn2,\"\")","v":""},null,null,null,null,null,null,"Klub:",null,{"$f":"IF(Klub<>0,Klub,\"\")","v":""}]
[null,"Udøver 3:",null,{"$f":"IF(Navn3<>0,Navn3,\"\")","v":""},null,null,null,null,null,null,"Holdlicensnr.:",null,{"$f":"IF(Licens<>0,Licens,\"\")","v":""}]
[null,"Udøver 4:",null,{"$f":"IF(Navn4<>0,Navn4,\"\")","v":""}]
[null,"Udøver 5:",null,{"$f":"IF(Navn5<>0,Navn5,\"\")","v":""},null,null,null,null,null,null,"Hest:",null,{"$f":"IF(Hest<>0,Hest,\"\")","v":""}]
[null,"Udøver 6:",null,{"$f":"IF(Navn6<>0,Navn6,\"\")","v":""},null,null,null,null,null,null,"Longefører:",null,{"$f":"IF(LongeF<>0,LongeF,\"\")","v":""}]
[null,"Udøver 7:",null,{"$f":"IF(Navn7<>0,Navn7,\"\")","v":""}]
[null,"Udøver 8:",null,{"$f":"IF(Navn8<>0,Navn8,\"\")","v":""}]
[]
[null,"HEST - Samarbejdet mellem longefører og hest",null,null,null,null,null,null,null,null,"Kommentarer",null,null,"Point - 0 til 10"]
[null,"Lydighed",null,"Opmærksomhed (på signaler) og tillid. \nPerfekt volte",null,null,null,null,null,null,null,null,null,0.5,null,{"$f":"O15*N15","v":0}]
[null,"Longering",null,"Korrekte hjælpere. Passende brug af pisk. Longelinen er udstrakt med kontakt til hesten. Longefører står stille med god holdning",null,null,null,null,null,null,null,null,null,0.5,null,{"$f":"O16*N16","v":0}]
[null,"Fradrag"]
[null,"Total - Hest",null,null,null,null,null,null,null,null,null,null,null,null,null,{"$f":"(P15+P16)-P17","v":0}]
[]
[null,"Frit program"]
[null,"Protokol/kommentarer"]
[]
[]
[]
[]
[]
[]
[]
[]
[]
[null,"Balance:",null,null,null,null,null,null,null,null,null,null,null,null,{"$f":"0.5/K2","v":0.125},{"$f":"M31*O31","v":0}]
[null,"Spændstighed og stræk:",null,null,null,null,null,null,null,null,null,null,null,null,{"$f":"0.5/K2","v":0.125},{"$f":"M32*O32","v":0}]
[null,"Hensynstagen til hesten:",null,null,null,null,null,null,null,null,null,null,null,null,{"$f":"1.2/K2","v":0.3},{"$f":"M33*O33","v":0}]
[null,"Udstråling, karisma, udnyttelse af musik:",null,null,null,null,null,null,null,null,null,null,null,null,{"$f":"0.8/K2","v":0.2},{"$f":"M34*O34","v":0}]
[null,"Hest:",null,null,null,null,null,null,null,null,null,null,{"$f":"P18","v":0},null,{"$f":"IF(K2=4,1/K2,0)","v":0.25},{"$f":"M35*O35","v":0}]
[]
[null,null,null,null,null,null,null,null,null,null,"Total frit program:",null,null,null,null,{"$f":"ROUND(SUM(P31:P35),3)","v":0}]
[]
[]
[]
[null,null,null,null,"Dommer",null,null,null,null,null,null,"Underskrift"]

{"sheet":"$FritE","index":9,"n_rows":42,"n_cols":16,"rows_kept":42,"cut":false,"hidden":true,"merged":[[3,14,3,15],[0,1,0,2],[0,3,0,9],[0,12,1,13],[1,1,1,2],[1,3,1,9],[2,1,2,9],[2,12,2,13],[3,1,3,2],[3,3,3,9],[3,12,3,13],[0,14,1,15],[2,14,2,15],[4,1,4,2],[4,3,4,9],[4,12,4,15],[5,1,5,2],[5,3,5,9],[5,10,5,11],[5,12,5,15],[6,1,6,2],[6,3,6,9],[6,10,6,11],[6,12,6,15],[7,1,7,2],[7,3,7,9],[7,10,7,15],[11,3,11,9],[13,1,13,9],[13,10,13,12],[8,1,8,2],[8,3,8,9],[8,10,8,11],[8,12,8,15],[9,1,9,2],[9,3,9,9],[9,10,9,11],[9,12,9,15],[13,13,13,15],[10,1,10,2],[10,3,10,9],[11,1,11,2],[35,1,35,11],[35,12,35,13],[16,1,16,14],[17,1,17,14],[19,1,19,4],[20,1,30,15],[32,1,32,11],[32,12,32,15],[33,1,33,11],[33,12,33,13],[34,1,34,11],[34,12,34,13],[14,1,14,2],[14,3,14,9],[14,10,14,12],[15,1,15,2],[15,3,15,9],[15,10,15,12],[37,10,37,14],[39,4,40,9],[39,11,40,15],[41,4,41,9],[41,11,41,15]]}
[null,"Stævne:",null,{"$f":"IF(Sted<>0,Sted,\"\")","v":""},null,null,null,null,null,null,{"$f":"P38","v":0},null,"Dommerbord:"]
[null,"Dato:",null,{"$f":"IF(Dato<>0,Dato,\"\")","v":""},null,null,null,null,null,null,4]
[null,null,null,null,null,null,null,null,null,null,null,null,"Runde nr:"]
[null,"Hold:",null,{"$f":"IF(Hold<>0,Hold,\"\")","v":""},null,null,null,null,null,null,null,null,"Klasse nr:",null,{"$f":"IF(KlasseNr<>0,KlasseNr,\"\")","v":""}]
[null,"Udøver 1:",null,{"$f":"IF(Navn1<>0,Navn1,\"\")","v":""}]
[null,"Udøver 2:",null,{"$f":"IF(Navn2<>0,Navn2,\"\")","v":""},null,null,null,null,null,null,"Klub:",null,{"$f":"IF(Klub<>0,Klub,\"\")","v":""}]
[null,"Udøver 3:",null,{"$f":"IF(Navn3<>0,Navn3,\"\")","v":""},null,null,null,null,null,null,"Holdlicensnr.:",null,{"$f":"IF(Licens<>0,Licens,\"\")","v":""}]
[null,"Udøver 4:",null,{"$f":"IF(Navn4<>0,Navn4,\"\")","v":""}]
[null,"Udøver 5:",null,{"$f":"IF(Navn5<>0,Navn5,\"\")","v":""},null,null,null,null,null,null,"Hest:",null,{"$f":"IF(Hest<>0,Hest,\"\")","v":""}]
[null,"Udøver 6:",null,{"$f":"IF(Navn6<>0,Navn6,\"\")","v":""},null,null,null,null,null,null,"Longefører:",null,{"$f":"IF(LongeF<>0,LongeF,\"\")","v":""}]
[null,"Udøver 7:",null,{"$f":"IF(Navn7<>0,Navn7,\"\")","v":""}]
[null,"Udøver 8:",null,{"$f":"IF(Navn8<>0,Navn8,\"\")","v":""}]
[]
[null,"HEST - Samarbejdet mellem longefører og hest",null,null,null,null,null,null,null,null,"Kommentarer",null,null,"Point - 0 til 10"]
[null,"Lydighed",null,"Opmærksomhed (på signaler) og tillid. \nPerfekt volte",null,null,null,null,null,null,null,null,null,0.5,null,{"$f":"O15*N15","v":0}]
[null,"Longering",null,"Korrekte hjælpere. Passende brug af pisk. Longelinen er udstrakt med kontakt til hesten. Longefører står stille med god holdning",null,null,null,null,null,null,null,null,null,0.5,null,{"$f":"O16*N16","v":0}]
[null,"Fradrag"]
[null,"Total - Hest",null,null,null,null,null,null,null,null,null,null,null,null,null,{"$f":"(P15+P16)-P17","v":0}]
[]
[null,"Frit program"]
[null,"Protokol/kommentarer"]
[]
[]
[]
[]
[]
[]
[]
[]
[]
[]
[]
[null,"Sværhedsgrad:",null,null,null,null,null,null,null,null,null,null,"Ingen point"]
[null,"Sammesætning:",null,null,null,null,null,null,null,null,null,null,null,null,{"$f":"1/K2","v":0.25},{"$f":"M34*O34","v":0}]
[null,"Udførelse:",null,null,null,null,null,null,null,null,null,null,null,null,{"$f":"2/K2","v":0.5},{"$f":"M35*O35","v":0}]
[null,"Hest:",null,null,null,null,null,null,null,null,null,null,{"$f":"P18","v":0},null,{"$f":"IF(K2=4,1/K2,0)","v":0.25},{"$f":"M36*O36","v":0}]
[]
[null,null,null,null,null,null,null,null,null,null,"Total frit program:",null,null,null,null,{"$f":"ROUND(SUM(P34:P36),3)","v":0}]
[]
[]
[]
[null,null,null,null,"Dommer",null,null,null,null,null,null,"Underskrift"]

{"sheet":"$TekniskD1","index":10,"n_rows":51,"n_cols":16,"rows_kept":51,"cut":false,"hidden":true,"merged":[[0,1,0,2],[0,3,0,9],[0,12,1,13],[0,14,1,15],[1,1,1,2],[1,3,1,9],[2,1,2,9],[2,12,2,13],[2,14,2,15],[3,1,3,2],[3,3,3,9],[3,12,3,13],[3,14,3,15],[4,1,4,2],[4,12,4,15],[5,1,5,2],[5,3,5,9],[5,10,5,11],[5,12,5,15],[4,3,4,9],[6,1,6,2],[6,3,6,9],[6,10,6,11],[6,12,6,15],[7,1,7,2],[7,3,7,9],[7,10,7,15],[8,1,8,2],[8,3,8,9],[8,10,8,11],[8,12,8,15],[9,1,9,2],[9,3,9,9],[9,10,9,11],[9,12,9,15],[50,4,50,9],[50,11,50,15],[10,1,10,2],[10,3,10,9],[33,1,33,4],[37,9,37,14],[40,1,40,3],[40,5,40,7],[40,11,40,13],[42,9,42,13],[44,9,44,13],[46,9,46,14],[48,11,49,15],[48,4,49,9],[13,1,14,15]]}
[null,"Stævne:",null,{"$f":"IF(Sted<>0,Sted,\"\")","v":""},null,null,null,null,null,null,{"$f":"P47","v":0},null,"Dommerbord:"]
[null,"Dato:",null,{"$f":"IF(Dato<>0,Dato,\"\")","v":""}]
[null,null,null,null,null,null,null,null,null,null,null,null,"Runde nr:"]
[null,"Hold:",null,{"$f":"IF(Hold<>0,Hold,\"\")","v":""},null,null,null,null,null,null,null,null,"Klasse nr:",null,{"$f":"IF(KlasseNr<>0,KlasseNr,\"\")","v":""}]
[null,"Udøver 1:",null,{"$f":"IF(Navn1<>0,Navn1,\"\")","v":""}]
[null,"Udøver 2:",null,{"$f":"IF(Navn2<>0,Navn2,\"\")","v":""},null,null,null,null,null,null,"Klub:",null,{"$f":"IF(Klub<>0,Klub,\"\")","v":""}]
[null,"Udøver 3:",null,{"$f":"IF(Navn3<>0,Navn3,\"\")","v":""},null,null,null,null,null,null,"Holdlicensnr.:",null,{"$f":"IF(Licens<>0,Licens,\"\")","v":""}]
[null,"Udøver 4:",null,{"$f":"IF(Navn4<>0,Navn4,\"\")","v":""}]
[null,"Udøver 5:",null,{"$f":"IF(Navn5<>0,Navn5,\"\")","v":""},null,null,null,null,null,null,"Hest:",null,{"$f":"IF(Hest<>0,Hest,\"\")","v":""}]
[null,"Udøver 6:",null,{"$f":"IF(Navn6<>0,Navn6,\"\")","v":""},null,null,null,null,null,null,"Longefører:",null,{"$f":"IF(LongeF<>0,LongeF,\"\")","v":""}]
[null,"Udøver 7:",null,{"$f":"IF(Navn7<>0,Navn7,\"\")","v":""}]
[]
[null,"Protokol",null,{"$f":"SUBSTITUTE(B14,\" \",\"\")","v":""}]
[]
[]
[null,1,2,3,4,5,6,7,8,9,10,11,12,13,14,15]
[null,{"$f":"IFERROR(INT(MID(Protokol1,B16,1)),UPPER(MID(Protokol1,B16,1)))","v":""},"","","","","","","","","","","","","",""]
[null,16,17,18,19,20,21,22,23,24,25,26,27,28,29,30]
[null,{"$f":"IFERROR(INT(MID(Protokol1,B18,1)),UPPER(MID(Protokol1,B18,1)))","v":""},"","","","","","","","","","","","","",""]
[null,31,32,33,34,35,36,37,38,39,40,41,42,43,44,45]
[null,{"$f":"IFERROR(INT(MID(Protokol1,B20,1)),UPPER(MID(Protokol1,B20,1)))","v":""},"","","","","","","","","","","","","",""]
[null,46,47,48,49,50,51,52,53,54,55,56,57,58,59,60]
[null,{"$f":"IFERROR(INT(MID(Protokol1,B22,1)),UPPER(MID(Protokol1,B22,1)))","v":""},"","","","","","","","","","","","","",""]
[null,61,62,63,64,65,66,67,68,69,70,71,72,73,74,75]
[null,{"$f":"IFERROR(INT(MID(Protokol1,B24,1)),UPPER(MID(Protokol1,B24,1)))","v":""},"","","","","","","","","","","","","",""]
[null,76,77,78,79,80,81,82,83,84,85,86,87,88,89,90]
[null,{"$f":"IFERROR(INT(MID(Protokol1,B26,1)),UPPER(MID(Protokol1,B26,1)))","v":""},"","","","","","","","","","","","","",""]
[null,91,92,93,94,95,96,97,98,99,100,101,102,103,104,105]
[null,{"$f":"IFERROR(INT(MID(Protokol1,B28,1)),UPPER(MID(Protokol1,B28,1)))","v":""},"","","","","","","","","","","","","",""]
[null,106,107,108,109,110,111,112,113,114,115,116,117,118,119,120]
[null,{"$f":"IFERROR(INT(MID(Protokol1,B30,1)),UPPER(MID(Protokol1,B30,1)))","v":""},"","","","","","","","","","","","","",""]
[null,121,122,123,124,125,126,127,128,129,130,131,132,133,134,135]
[null,{"$f":"IFERROR(INT(MID(Protokol1,B32,1)),UPPER(MID(Protokol1,B32,1)))","v":""},"","","","","","","","","","","","","",""]
[null,"Fradrag for fald:"]
[]
[null,"Sværhedsgrad"]
[]
[null,null,null,null,null,null,null,null,null,"Ingen point"]
[null,"Udførelse"]
[]
[null,"Samlet fradrag",null,null,{"$f":"IF(B17<>\"\",SUMIF(B17:P17,\">0\")+SUMIF(B19:P19,\">0\")+SUMIF(B21:P21,\">0\")+SUMIF(B23:P23,\">0\")+SUMIF(B25:P25,\">0\")+SUMIF(B27:P27,\">0\")+SUMIF(B29:P29,\">0\")+SUMIF(B31:P31,\">0\")+SUMIF(B33:P33,\">0\"),\"\")","v":""}," /antal øvelser",null,null,{"$f":"IF(B17<>\"\",COUNTIF(B17:P33,\"E\")+COUNTIF(B17:P33,\"M\")+COUNTIF(B17:P33,\"D\"),\"\")","v":""},"=",{"$f":"IFERROR(IF(ROUND(E41/I41,3)>10,9.99999,ROUND(E41/I41,3)),0)","v":0},"fratrukket 10",null,null,{"$f":"IF(K41>0,10-K41,0)","v":0}]
[]
[null,null,null,null,null,null,null,null,null,"Sum af fradrag for fald:",null,null,null,null,{"$f":"SUM(F34:M34)","v":0}]
[]
[null,null,null,null,null,null,null,null,null,"Total udførelse:",null,null,null,null,{"$f":"O41-O43","v":0},1]
[]
[null,null,null,null,null,null,null,null,null,"Total teknisk score:",null,null,null,null,null,{"$f":"O45","v":0}]
[]
[]
[]
[null,null,null,null,"Dommer",null,null,null,null,null,null,"Underskrift"]

{"sheet":"$Teknisk2Jun","index":11,"n_rows":51,"n_cols":16,"rows_kept":51,"cut":false,"hidden":true,"merged":[[0,1,0,2],[0,3,0,9],[0,12,1,13],[0,14,1,15],[1,1,1,2],[1,3,1,9],[2,1,2,9],[2,12,2,13],[2,14,2,15],[3,1,3,2],[3,3,3,9],[3,12,3,13],[3,14,3,15],[4,1,4,2],[4,12,4,15],[5,1,5,2],[5,3,5,9],[5,10,5,11],[5,12,5,15],[4,3,4,9],[6,1,6,2],[6,3,6,9],[6,10,6,11],[6,12,6,15],[7,1,7,2],[7,3,7,9],[7,10,7,15],[36,4,36,6],[8,1,8,2],[8,3,8,9],[8,10,8,11],[8,12,8,15],[9,1,9,2],[9,3,9,9],[9,10,9,11],[9,12,9,15],[32,1,32,4],[33,1,34,3],[34,9,34,10],[35,4,35,6],[12,1,13,15],[39,1,40,3],[39,9,39,13],[41,1,41,3],[41,5,41,7],[41,11,41,13],[50,11,50,15],[37,4,37,6],[38,4,38,6],[38,9,38,12],[42,9,42,13],[44,9,44,13],[46,9,46,14],[48,11,49,15],[48,4,49,9],[50,4,50,9]]}
[null,"Stævne:",null,{"$f":"IF(Sted<>0,Sted,\"\")","v":""},null,null,null,null,null,null,{"$f":"P47","v":0},null,"Dommerbord:"]
[null,"Dato:",null,{"$f":"IF(Dato<>0,Dato,\"\")","v":""}]
[null,null,null,null,null,null,null,null,null,null,null,null,"Runde nr:"]
[null,"Hold:",null,{"$f":"IF(Hold<>0,Hold,\"\")","v":""},null,null,null,null,null,null,null,null,"Klasse nr:",null,{"$f":"IF(KlasseNr<>0,KlasseNr,\"\")","v":""}]
[null,"Udøver 1:",null,{"$f":"IF(Navn1<>0,Navn1,\"\")","v":""}]
[null,"Udøver 2:",null,{"$f":"IF(Navn2<>0,Navn2,\"\")","v":""},null,null,null,null,null,null,"Klub:",null,{"$f":"IF(Klub<>0,Klub,\"\")","v":""}]
[null,"Udøver 3:",null,{"$f":"IF(Navn3<>0,Navn3,\"\")","v":""},null,null,null,null,null,null,"Holdlicensnr.:",null,{"$f":"IF(Licens<>0,Licens,\"\")","v":""}]
[null,"Udøver 4:",null,{"$f":"IF(Navn4<>0,Navn4,\"\")","v":""}]
[null,"Udøver 5:",null,{"$f":"IF(Navn5<>0,Navn5,\"\")","v":""},null,null,null,null,null,null,"Hest:",null,{"$f":"IF(Hest<>0,Hest,\"\")","v":""}]
[null,"Udøver 6:",null,{"$f":"IF(Navn6<>0,Navn6,\"\")","v":""},null,null,null,null,null,null,"Longefører:",null,{"$f":"IF(LongeF<>0,LongeF,\"\")","v":""}]
[]
[null,"Protokol",null,{"$f":"SUBSTITUTE(B13,\" \",\"\")","v":""}]
[]
[]
[null,1,2,3,4,5,6,7,8,9,10,11,12,13,14,15]
[null,{"$f":"IFERROR(INT(MID(ProtokolJ,B15,1)),UPPER(MID(ProtokolJ,B15,1)))","v":""},"","","","","","","","","","","","","",""]
[null,16,17,18,19,20,21,22,23,24,25,26,27,28,29,30]
[null,{"$f":"IFERROR(INT(MID(ProtokolJ,B17,1)),UPPER(MID(ProtokolJ,B17,1)))","v":""},"","","","","","","","","","","","","",""]
[null,31,32,33,34,35,36,37,38,39,40,41,42,43,44,45]
[null,{"$f":"IFERROR(INT(MID(ProtokolJ,B19,1)),UPPER(MID(ProtokolJ,B19,1)))","v":""},"","","","","","","","","","","","","",""]
[null,46,47,48,49,50,51,52,53,54,55,56,57,58,59,60]
[null,{"$f":"IFERROR(INT(MID(ProtokolJ,B21,1)),UPPER(MID(ProtokolJ,B21,1)))","v":""},"","","","","","","","","","","","","",""]
[null,61,62,63,64,65,66,67,68,69,70,71,72,73,74,75]
[null,{"$f":"IFERROR(INT(MID(ProtokolJ,B23,1)),UPPER(MID(ProtokolJ,B23,1)))","v":""},"","","","","","","","","","","","","",""]
[null,76,77,78,79,80,81,82,83,84,85,86,87,88,89,90]
[null,{"$f":"IFERROR(INT(MID(ProtokolJ,B25,1)),UPPER(MID(ProtokolJ,B25,1)))","v":""},"","","","","","","","","","","","","",""]
[null,91,92,93,94,95,96,97,98,99,100,101,102,103,104,105]
[null,{"$f":"IFERROR(INT(MID(ProtokolJ,B27,1)),UPPER(MID(ProtokolJ,B27,1)))","v":""},"","","","","","","","","","","","","",""]
[null,106,107,108,109,110,111,112,113,114,115,116,117,118,119,120]
[null,{"$f":"IFERROR(INT(MID(ProtokolJ,B29,1)),UPPER(MID(ProtokolJ,B29,1)))","v":""},"","","","","","","","","","","","","",""]
[null,121,122,123,124,125,126,127,128,129,130,131,132,133,134,135]
[null,{"$f":"IFERROR(INT(MID(ProtokolJ,B31,1)),UPPER(MID(ProtokolJ,B31,1)))","v":""},"","","","","","","","","","","","","",""]
[null,"Fradrag for fald:"]
[null,"Sværhedsgrad"]
[null,null,null,null,null,null,null,null,null,"Antal*",null,"Faktor",null,null,"Point"]
[null,null,null,null,"D-øvelser",null,null,{"$f":"IF(COUNTIF(B16:P32,\"D\")>0,COUNTIF(B16:P32,\"D\"),\"\")","v":""},null,null,{"$f":"IF(H36<>\"\",IF(H36>20,20,H36),0)","v":0},0.5,null,null,{"$f":"IF(K36>0,L36*K36,\"\")","v":""}]
[null,null,null,null,"M-øvelser",null,null,{"$f":"IF(COUNTIF(B16:P32,\"M\")>0,COUNTIF(B16:P32,\"M\"),\"\")","v":""},null,null,{"$f":"IF(H37<>\"\",IF(H37+K36>20,20-N(K36),H37),0)","v":0},0.3,null,null,{"$f":"IF(K37>0,L37*K37,\"\")","v":""}]
[null,null,null,null,"E-øvelser",null,null,{"$f":"IF(COUNTIF(B16:P32,\"E\")>0,COUNTIF(B16:P32,\"E\"),\"\")","v":""},null,null,{"$f":"IF(H38<>\"\",IF(H38+K37+K36>20,20-(K37+K36),H38),0)","v":0},0.1,null,null,{"$f":"IF(K38>0,L38*K38,\"\")","v":""}]
[null,null,null,null,"Antal øvelser",null,null,{"$f":"IF(SUM(H35:H38)>0,SUM(H35:H38),\"\")","v":""},null,"*Max. 20 tællende øvelser"]
[null,"Udførelse",null,null,null,null,null,null,null,"Total sværhedsgrad:",null,null,null,null,{"$f":"IF(SUM(O36:O38)>10,10,IF(SUM(K36:K38)>0,SUM(O36:O38),0))","v":0},0.3]
[]
[null,"Samlet fradrag",null,null,{"$f":"IF(B16<>\"\",SUMIF(B16:P16,\">0\")+SUMIF(B18:P18,\">0\")+SUMIF(B20:P20,\">0\")+SUMIF(B22:P22,\">0\")+SUMIF(B24:P24,\">0\")+SUMIF(B26:P26,\">0\")+SUMIF(B28:P28,\">0\")+SUMIF(B30:P30,\">0\")+SUMIF(B32:P32,\">0\"),\"\")","v":""}," /antal øvelser",null,null,{"$f":"H39","v":""},"=",{"$f":"IFERROR(IF(ROUND(E42/I42,3)>10,9.99999,ROUND(E42/I42,3)),0)","v":0},"fratrukket 10",null,null,{"$f":"IF(K42>0,10-K42,0)","v":0}]
[null,null,null,null,null,null,null,null,null,"Sum af fradrag for fald:",null,null,null,null,{"$f":"SUM(F33:M33)","v":0}]
[]
[null,null,null,null,null,null,null,null,null,"Total udførelse:",null,null,null,null,{"$f":"O42-O43","v":0},0.7]
[]
[null,null,null,null,null,null,null,null,null,"Total teknisk score:",null,null,null,null,null,{"$f":"O45*0.7+O40*0.3","v":0}]
[]
[]
[]
[null,null,null,null,"Dommer",null,null,null,null,null,null,"Underskrift"]

{"sheet":"$Teknisk23","index":12,"n_rows":51,"n_cols":16,"rows_kept":51,"cut":false,"hidden":true,"merged":[[0,1,0,2],[0,3,0,9],[0,12,1,13],[0,14,1,15],[1,1,1,2],[1,3,1,9],[2,1,2,9],[2,12,2,13],[2,14,2,15],[3,1,3,2],[3,3,3,9],[3,12,3,13],[3,14,3,15],[4,1,4,2],[4,12,4,15],[5,1,5,2],[5,3,5,9],[5,10,5,11],[5,12,5,15],[4,3,4,9],[6,1,6,2],[6,3,6,9],[6,10,6,11],[6,12,6,15],[7,1,7,2],[7,3,7,9],[7,10,7,15],[36,4,36,6],[8,1,8,2],[8,3,8,9],[8,10,8,11],[8,12,8,15],[9,1,9,2],[9,3,9,9],[9,10,9,11],[9,12,9,15],[32,1,32,4],[33,1,34,3],[34,9,34,10],[35,4,35,6],[12,1,13,15],[39,1,40,3],[39,9,39,13],[41,1,41,3],[41,5,41,7],[41,11,41,13],[50,11,50,15],[37,4,37,6],[38,4,38,6],[38,9,38,12],[42,9,42,13],[44,9,44,13],[46,9,46,14],[48,11,49,15],[48,4,49,9],[50,4,50,9]]}
[null,"Stævne:",null,{"$f":"IF(Sted<>0,Sted,\"\")","v":""},null,null,null,null,null,null,{"$f":"P47","v":0},null,"Dommerbord:"]
[null,"Dato:",null,{"$f":"IF(Dato<>0,Dato,\"\")","v":""}]
[null,null,null,null,null,null,null,null,null,null,null,null,"Runde nr:"]
[null,"Hold:",null,{"$f":"IF(Hold<>0,Hold,\"\")","v":""},null,null,null,null,null,null,null,null,"Klasse nr:",null,{"$f":"IF(KlasseNr<>0,KlasseNr,\"\")","v":""}]
[null,"Udøver 1:",null,{"$f":"IF(Navn1<>0,Navn1,\"\")","v":""}]
[null,"Udøver 2:",null,{"$f":"IF(Navn2<>0,Navn2,\"\")","v":""},null,null,null,null,null,null,"Klub:",null,{"$f":"IF(Klub<>0,Klub,\"\")","v":""}]
[null,"Udøver 3:",null,{"$f":"IF(Navn3<>0,Navn3,\"\")","v":""},null,null,null,null,null,null,"Holdlicensnr.:",null,{"$f":"IF(Licens<>0,Licens,\"\")","v":""}]
[null,"Udøver 4:",null,{"$f":"IF(Navn4<>0,Navn4,\"\")","v":""}]
[null,"Udøver 5:",null,{"$f":"IF(Navn5<>0,Navn5,\"\")","v":""},null,null,null,null,null,null,"Hest:",null,{"$f":"IF(Hest<>0,Hest,\"\")","v":""}]
[null,"Udøver 6:",null,{"$f":"IF(Navn6<>0,Navn6,\"\")","v":""},null,null,null,null,null,null,"Longefører:",null,{"$f":"IF(LongeF<>0,LongeF,\"\")","v":""}]
[]
[null,"Protokol",null,{"$f":"SUBSTITUTE(B13,\" \",\"\")","v":""}]
[]
[]
[null,1,2,3,4,5,6,7,8,9,10,11,12,13,14,15]
[null,{"$f":"IFERROR(INT(MID(Protokol2,B15,1)),UPPER(MID(Protokol2,B15,1)))","v":""},"","","","","","","","","","","","","",""]
[null,16,17,18,19,20,21,22,23,24,25,26,27,28,29,30]
[null,{"$f":"IFERROR(INT(MID(Protokol2,B17,1)),UPPER(MID(Protokol2,B17,1)))","v":""},"","","","","","","","","","","","","",""]
[null,31,32,33,34,35,36,37,38,39,40,41,42,43,44,45]
[null,{"$f":"IFERROR(INT(MID(Protokol2,B19,1)),UPPER(MID(Protokol2,B19,1)))","v":""},"","","","","","","","","","","","","",""]
[null,46,47,48,49,50,51,52,53,54,55,56,57,58,59,60]
[null,{"$f":"IFERROR(INT(MID(Protokol2,B21,1)),UPPER(MID(Protokol2,B21,1)))","v":""},"","","","","","","","","","","","","",""]
[null,61,62,63,64,65,66,67,68,69,70,71,72,73,74,75]
[null,{"$f":"IFERROR(INT(MID(Protokol2,B23,1)),UPPER(MID(Protokol2,B23,1)))","v":""},"","","","","","","","","","","","","",""]
[null,76,77,78,79,80,81,82,83,84,85,86,87,88,89,90]
[null,{"$f":"IFERROR(INT(MID(Protokol2,B25,1)),UPPER(MID(Protokol2,B25,1)))","v":""},"","","","","","","","","","","","","",""]
[null,91,92,93,94,95,96,97,98,99,100,101,102,103,104,105]
[null,{"$f":"IFERROR(INT(MID(Protokol2,B27,1)),UPPER(MID(Protokol2,B27,1)))","v":""},"","","","","","","","","","","","","",""]
[null,106,107,108,109,110,111,112,113,114,115,116,117,118,119,120]
[null,{"$f":"IFERROR(INT(MID(Protokol2,B29,1)),UPPER(MID(Protokol2,B29,1)))","v":""},"","","","","","","","","","","","","",""]
[null,121,122,123,124,125,126,127,128,129,130,131,132,133,134,135]
[null,{"$f":"IFERROR(INT(MID(Protokol2,B31,1)),UPPER(MID(Protokol2,B31,1)))","v":""},"","","","","","","","","","","","","",""]
[null,"Fradrag for fald:"]
[null,"Sværhedsgrad"]
[null,null,null,null,null,null,null,null,null,"Antal*",null,"Faktor",null,null,"Point"]
[null,null,null,null,"D-øvelser",null,null,{"$f":"IF(COUNTIF(B16:P32,\"D\")>0,COUNTIF(B16:P32,\"D\"),\"\")","v":""},null,null,{"$f":"IF(H36<>\"\",IF(H36>25,25,H36),0)","v":0},0.4,null,null,{"$f":"IF(K36>0,L36*K36,\"\")","v":""}]
[null,null,null,null,"M-øvelser",null,null,{"$f":"IF(COUNTIF(B16:P32,\"M\")>0,COUNTIF(B16:P32,\"M\"),\"\")","v":""},null,null,{"$f":"IF(H37<>\"\",IF(H37+K36>25,25-N(K36),H37),0)","v":0},0.3,null,null,{"$f":"IF(K37>0,L37*K37,\"\")","v":""}]
[null,null,null,null,"E-øvelser",null,null,{"$f":"IF(COUNTIF(B16:P32,\"E\")>0,COUNTIF(B16:P32,\"E\"),\"\")","v":""},null,null,{"$f":"IF(H38<>\"\",IF(H38+K37+K36>25,25-(K37+K36),H38),0)","v":0},0.1,null,null,{"$f":"IF(K38>0,L38*K38,\"\")","v":""}]
[null,null,null,null,"Antal øvelser",null,null,{"$f":"IF(SUM(H35:H38)>0,SUM(H35:H38),\"\")","v":""},null,"*Max. 25 tællende øvelser"]
[null,"Udførelse",null,null,null,null,null,null,null,"Total sværhedsgrad:",null,null,null,null,{"$f":"IF(SUM(O36:O38)>10,10,IF(SUM(K36:K38)>0,SUM(O36:O38),0))","v":0},0.3]
[]
[null,"Samlet fradrag",null,null,{"$f":"IF(B16<>\"\",SUMIF(B16:P16,\">0\")+SUMIF(B18:P18,\">0\")+SUMIF(B20:P20,\">0\")+SUMIF(B22:P22,\">0\")+SUMIF(B24:P24,\">0\")+SUMIF(B26:P26,\">0\")+SUMIF(B28:P28,\">0\")+SUMIF(B30:P30,\">0\")+SUMIF(B32:P32,\">0\"),\"\")","v":""}," /antal øvelser",null,null,{"$f":"H39","v":""},"=",{"$f":"IFERROR(IF(ROUND(E42/I42,3)>10,9.99999,ROUND(E42/I42,3)),0)","v":0},"fratrukket 10",null,null,{"$f":"IF(K42>0,10-K42,0)","v":0}]
[null,null,null,null,null,null,null,null,null,"Sum af fradrag for fald:",null,null,null,null,{"$f":"SUM(F33:M33)","v":0}]
[]
[null,null,null,null,null,null,null,null,null,"Total udførelse:",null,null,null,null,{"$f":"O42-O43","v":0},0.7]
[]
[null,null,null,null,null,null,null,null,null,"Total teknisk score:",null,null,null,null,null,{"$f":"O45*0.7+O40*0.3","v":0}]
[]
[]
[]
[null,null,null,null,"Dommer",null,null,null,null,null,null,"Underskrift"]

{"sheet":"$ArtistiskD","index":13,"n_rows":30,"n_cols":16,"rows_kept":30,"cut":false,"hidden":true,"merged":[[0,1,0,2],[0,3,0,9],[0,12,1,13],[0,14,1,15],[1,1,1,2],[1,3,1,9],[2,1,2,9],[2,12,2,13],[2,14,2,15],[3,1,3,2],[3,3,3,9],[3,12,3,13],[3,14,3,15],[4,1,4,2],[4,3,4,9],[4,12,4,15],[5,1,5,2],[5,3,5,9],[5,10,5,11],[5,12,5,15],[6,1,6,2],[6,3,6,9],[6,10,6,11],[6,12,6,15],[7,1,7,2],[7,3,7,9],[7,10,7,15],[8,1,8,2],[8,3,8,9],[8,10,8,11],[8,12,8,15],[9,1,9,2],[9,3,9,9],[9,10,9,11],[9,12,9,15],[19,9,19,14],[10,1,10,2],[10,3,10,9],[11,13,11,15],[12,1,13,2],[12,3,12,12],[13,3,13,12],[14,1,15,2],[14,3,14,12],[15,3,15,12],[17,9,17,14],[21,1,25,15],[27,4,28,9],[27,11,28,15],[29,4,29,9],[29,11,29,15]]}
[null,"Stævne:",null,{"$f":"IF(Sted<>0,Sted,\"\")","v":""},null,null,null,null,null,null,{"$f":"P20","v":0},null,"Dommerbord:"]
[null,"Dato:",null,{"$f":"IF(Dato<>0,Dato,\"\")","v":""}]
[null,null,null,null,null,null,null,null,null,null,null,null,"Runde nr:"]
[null,"Hold:",null,{"$f":"IF(Hold<>0,Hold,\"\")","v":""},null,null,null,null,null,null,null,null,"Klasse nr:",null,{"$f":"IF(KlasseNr<>0,KlasseNr,\"\")","v":""}]
[null,"Udøver 1:",null,{"$f":"IF(Navn1<>0,Navn1,\"\")","v":""}]
[null,"Udøver 2:",null,{"$f":"IF(Navn2<>0,Navn2,\"\")","v":""},null,null,null,null,null,null,"Klub:",null,{"$f":"IF(Klub<>0,Klub,\"\")","v":""}]
[null,"Udøver 3:",null,{"$f":"IF(Navn3<>0,Navn3,\"\")","v":""},null,null,null,null,null,null,"Holdlicensnr.:",null,{"$f":"IF(Licens<>0,Licens,\"\")","v":""}]
[null,"Udøver 4:",null,{"$f":"IF(Navn4<>0,Navn4,\"\")","v":""}]
[null,"Udøver 5:",null,{"$f":"IF(Navn5<>0,Navn5,\"\")","v":""},null,null,null,null,null,null,"Hest:",null,{"$f":"IF(Hest<>0,Hest,\"\")","v":""}]
[null,"Udøver 6:",null,{"$f":"IF(Navn6<>0,Navn6,\"\")","v":""},null,null,null,null,null,null,"Longefører:",null,{"$f":"IF(LongeF<>0,LongeF,\"\")","v":""}]
[null,"Udøver 7:",null,{"$f":"IF(Navn7<>0,Navn7,\"\")","v":""}]
[null,null,null,null,null,null,null,null,null,null,null,null,null,"Point 0 til 10"]
[null,"Struktur\n50 %",null,"Variation - øvelser\n• Fordeling mellem statiske og dynamiske øvelser\n• Fordeling mellem en-mands og to-mands øvelser\n• Valg af øvelser, positioner og overgange fra forskellige strukturgrupper",null,null,null,null,null,null,null,null,null,"C1\n25%",null,{"$f":"ROUND(O13*0.25,3)","v":0}]
[null,null,null,"Variation - position\n• Variation af placering af øvelser i forhold til hesten og i forhold til bevægelsesretningen\n• Brug af hele hesten: udnytte af alle områder af hesten inklusiv ryg, hals, bagpart, inderside, yderside\n• Lige deltagelse af alle voltigører",null,null,null,null,null,null,null,null,null,"C2\n25%",null,{"$f":"ROUND(O14*0.25,3)","v":0}]
[null,"Koreografi\n50 %",null,"Sammensætning og kompleksitet\n• Valg af elementer og sekvenser der ikke overbelaster hesten\n• Flydende overgange og bevægelser\n• Kompleksitet i elementer, sekvenser, overgange, positioner og kombinationer af øvelser\n• Evne til at kontrollere og forbinde bevægelser og positioner i et ustabilt equilibrium. Frihed i bevægelsen",null,null,null,null,null,null,null,null,null,"C3\n30%",null,{"$f":"ROUND(O15*0.3,3)","v":0}]
[null,null,null,"Udnyttelse af musikken\n• Fuld indlevelse i et gennemført musikalsk artistisk koncept\n• Gribende fortolkning af musikken\n• Høj grad af variation i udtryk, der afspejler forskellige og foranderlige elementer i musikken \n• Komplekst kropssprog og multidirektionale krops- og armbevægelser",null,null,null,null,null,null,null,null,null,"C4\n20%",null,{"$f":"ROUND(O16*0.2,3)","v":0}]
[]
[null,null,null,null,null,null,null,null,null,"Fradrag:"]
[]
[null,null,null,null,null,null,null,null,null,"Total artistisk score:",null,null,null,null,null,{"$f":"ROUND(SUM(P13:P16)-P18,3)","v":0}]
[]
[null,"Kommentarer"]
[]
[]
[]
[]
[]
[]
[]
[null,null,null,null,"Dommer",null,null,null,null,null,null,"Underskrift"]

{"sheet":"$Artistisk3","index":14,"n_rows":26,"n_cols":16,"rows_kept":26,"cut":false,"hidden":true,"merged":[[0,1,0,2],[0,3,0,9],[0,12,1,13],[0,14,1,15],[1,1,1,2],[1,3,1,9],[2,1,2,9],[2,12,2,13],[2,14,2,15],[3,1,3,2],[3,3,3,9],[3,12,3,13],[3,14,3,15],[4,1,4,2],[4,3,4,9],[4,12,4,15],[5,1,5,2],[5,3,5,9],[5,10,5,11],[5,12,5,15],[6,1,6,2],[6,3,6,9],[6,10,6,11],[6,12,6,15],[7,1,7,2],[7,3,7,9],[7,10,7,15],[8,1,8,2],[8,3,8,9],[8,10,8,11],[8,12,8,15],[9,1,9,2],[9,3,9,9],[9,10,9,11],[9,12,9,15],[11,13,11,15],[12,1,12,2],[12,3,12,12],[13,1,14,2],[13,3,13,12],[14,3,14,12],[23,4,24,9],[23,11,24,15],[25,4,25,9],[25,11,25,15],[15,1,16,2],[15,3,15,12],[16,3,16,12],[18,1,21,7],[18,9,18,14],[20,9,20,14]]}
[null,"Stævne:",null,{"$f":"IF(Sted<>0,Sted,\"\")","v":""},null,null,null,null,null,null,{"$f":"P21","v":0},null,"Dommerbord:"]
[null,"Dato:",null,{"$f":"IF(Dato<>0,Dato,\"\")","v":""}]
[null,null,null,null,null,null,null,null,null,null,null,null,"Runde nr:"]
[null,"Hold:",null,{"$f":"IF(Hold<>0,Hold,\"\")","v":""},null,null,null,null,null,null,null,null,"Klasse nr:",null,{"$f":"IF(KlasseNr<>0,KlasseNr,\"\")","v":""}]
[null,"Udøver 1:",null,{"$f":"IF(Navn1<>0,Navn1,\"\")","v":""}]
[null,"Udøver 2:",null,{"$f":"IF(Navn2<>0,Navn2,\"\")","v":""},null,null,null,null,null,null,"Klub:",null,{"$f":"IF(Klub<>0,Klub,\"\")","v":""}]
[null,"Udøver 3:",null,{"$f":"IF(Navn3<>0,Navn3,\"\")","v":""},null,null,null,null,null,null,"Holdlicensnr.:",null,{"$f":"IF(Licens<>0,Licens,\"\")","v":""}]
[null,"Udøver 4:",null,{"$f":"IF(Navn4<>0,Navn4,\"\")","v":""}]
[null,"Udøver 5:",null,{"$f":"IF(Navn5<>0,Navn5,\"\")","v":""},null,null,null,null,null,null,"Hest:",null,{"$f":"IF(Hest<>0,Hest,\"\")","v":""}]
[null,"Udøver 6:",null,{"$f":"IF(Navn6<>0,Navn6,\"\")","v":""},null,null,null,null,null,null,"Longefører:",null,{"$f":"IF(LongeF<>0,LongeF,\"\")","v":""}]
[]
[null,null,null,null,null,null,null,null,null,null,null,null,null,"Point 0 til 10"]
[null,"Hensyn og harmoni",null,"Hensyn til og harmoni med hesten\n• Valg af elementer og øvelser i harmoni med hesten baseret\npå belastning, sammensætning, balance og kontakt/forbindelse\n• Valg af øvelser der ikke overbelaster hesten",null,null,null,null,null,null,null,null,null,"COH\n20%",null,{"$f":"ROUND(O13*0.2,3)","v":0}]
[null,"Struktur",null,"Variation - øvelser\n• Fordeling mellem statiske og dynamiske øvelser\n• Fordeling mellem en-mands, to-mands øvelser\ntre-mands øvelser er tilladt\n• Valg af kombinationer\n• Valg af øvelser, positioner og overgange fra forskellige strukturgrupper",null,null,null,null,null,null,null,null,null,"C1\n10%",null,{"$f":"ROUND(O14*0.1,3)","v":0}]
[null,null,null,"Variation - position\n• Variation af placering af øvelser i forhold til hesten og i forhold til bevægelsesretningen\n• Brug af hele hesten: udnytte af alle områder af hesten inklusiv ryg og hals\n• Relativ lige deltagelse af alle voltigører\n• Relativ lige deltagelse i roller og artistisk koncept",null,null,null,null,null,null,null,null,null,"C2\n10%",null,{"$f":"ROUND(O15*0.1,3)","v":0}]
[null,"Koreografi",null,"Sammensætning og kompleksitet\n• Flydende overgange og bevægelser der viser flow, kontrol og sammenhæng\n• Elementer, sekvenser, overgange, positioner og kombinationer af øvelser, der demonstrerer frihed i bevægelsen\n• Evne til at kontrollere og forbinde bevægelser og positioner i et ustabilt equilibrium\n• Undgå tom hest",null,null,null,null,null,null,null,null,null,"C3\n30%",null,{"$f":"ROUND(O16*0.3,3)","v":0}]
[null,null,null,"Udnyttelse af musikken / kropssprog / udtryk\n• Fuld indlevelse i et gennemført musikalsk artistisk koncept\n• Gribende fortolkning af musikken\n• Høj grad af variation i udtryk, der afspejler forskellige og foranderlige elementer i musikken\n• Komplekst kropssprog og multidirektionale krops- og armbevægelser ",null,null,null,null,null,null,null,null,null,"C4\n30%",null,{"$f":"ROUND(O17*0.3,3)","v":0}]
[]
[null,"Kommentarer",null,null,null,null,null,null,null,"Fradrag:"]
[]
[null,null,null,null,null,null,null,null,null,"Total artistisk score:",null,null,null,null,null,{"$f":"ROUND(SUM(P13:P17)-P19,3)","v":0}]
[]
[]
[]
[]
[null,null,null,null,"Dommer",null,null,null,null,null,null,"Underskrift"]

{"sheet":"$Artistisk2","index":15,"n_rows":26,"n_cols":16,"rows_kept":26,"cut":false,"hidden":true,"merged":[[0,1,0,2],[0,3,0,9],[0,12,1,13],[0,14,1,15],[1,1,1,2],[1,3,1,9],[2,1,2,9],[2,12,2,13],[2,14,2,15],[3,1,3,2],[3,3,3,9],[3,12,3,13],[3,14,3,15],[4,1,4,2],[4,3,4,9],[4,12,4,15],[5,1,5,2],[5,3,5,9],[5,10,5,11],[5,12,5,15],[6,1,6,2],[6,3,6,9],[6,10,6,11],[6,12,6,15],[7,1,7,2],[7,3,7,9],[7,10,7,15],[8,1,8,2],[8,3,8,9],[8,10,8,11],[8,12,8,15],[9,1,9,2],[9,3,9,9],[9,10,9,11],[9,12,9,15],[11,13,11,15],[12,1,12,2],[12,3,12,12],[13,1,14,2],[13,3,13,12],[14,3,14,12],[23,4,24,9],[23,11,24,15],[25,4,25,9],[25,11,25,15],[15,1,16,2],[15,3,15,12],[16,3,16,12],[18,1,21,7],[18,9,18,14],[20,9,20,14]]}
[null,"Stævne:",null,{"$f":"IF(Sted<>0,Sted,\"\")","v":""},null,null,null,null,null,null,{"$f":"P21","v":0},null,"Dommerbord:"]
[null,"Dato:",null,{"$f":"IF(Dato<>0,Dato,\"\")","v":""}]
[null,null,null,null,null,null,null,null,null,null,null,null,"Runde nr:"]
[null,"Hold:",null,{"$f":"IF(Hold<>0,Hold,\"\")","v":""},null,null,null,null,null,null,null,null,"Klasse nr:",null,{"$f":"IF(KlasseNr<>0,KlasseNr,\"\")","v":""}]
[null,"Udøver 1:",null,{"$f":"IF(Navn1<>0,Navn1,\"\")","v":""}]
[null,"Udøver 2:",null,{"$f":"IF(Navn2<>0,Navn2,\"\")","v":""},null,null,null,null,null,null,"Klub:",null,{"$f":"IF(Klub<>0,Klub,\"\")","v":""}]
[null,"Udøver 3:",null,{"$f":"IF(Navn3<>0,Navn3,\"\")","v":""},null,null,null,null,null,null,"Holdlicensnr.:",null,{"$f":"IF(Licens<>0,Licens,\"\")","v":""}]
[null,"Udøver 4:",null,{"$f":"IF(Navn4<>0,Navn4,\"\")","v":""}]
[null,"Udøver 5:",null,{"$f":"IF(Navn5<>0,Navn5,\"\")","v":""},null,null,null,null,null,null,"Hest:",null,{"$f":"IF(Hest<>0,Hest,\"\")","v":""}]
[null,"Udøver 6:",null,{"$f":"IF(Navn6<>0,Navn6,\"\")","v":""},null,null,null,null,null,null,"Longefører:",null,{"$f":"IF(LongeF<>0,LongeF,\"\")","v":""}]
[]
[null,null,null,null,null,null,null,null,null,null,null,null,null,"Point 0 til 10"]
[null,"Hensyn og harmoni",null,"Hensyn til og harmoni med hesten\n• Valg af elementer og øvelser i harmoni med hesten baseret\npå belastning, sammensætning, balance og kontakt/forbindelse\n• Valg af øvelser der ikke overbelaster hesten",null,null,null,null,null,null,null,null,null,"COH\n20%",null,{"$f":"ROUND(O13*0.2,3)","v":0}]
[null,"Struktur",null,"Variation - øvelser\n• Fordeling mellem statiske og dynamiske øvelser\n• Fordeling mellem en-mands, to-mands øvelser\ntre-mands øvelser er tilladt\n• Valg af kombinationer\n• Valg af øvelser, positioner og overgange fra forskellige strukturgrupper",null,null,null,null,null,null,null,null,null,"C1\n20%",null,{"$f":"ROUND(O14*0.2,3)","v":0}]
[null,null,null,"Variation - position\n• Variation af placering af øvelser i forhold til hesten og i forhold til bevægelsesretningen\n• Brug af hele hesten: udnytte af alle områder af hesten inklusiv ryg og hals\n• Relativ lige deltagelse af alle voltigører\n• Relativ lige deltagelse i roller og artistisk koncept",null,null,null,null,null,null,null,null,null,"C2\n10%",null,{"$f":"ROUND(O15*0.1,3)","v":0}]
[null,"Koreografi",null,"Sammensætning og kompleksitet\n• Flydende overgange og bevægelser der viser flow, kontrol og sammenhæng\n• Elementer, sekvenser, overgange, positioner og kombinationer af øvelser, der demonstrerer frihed i bevægelsen\n• Evne til at kontrollere og forbinde bevægelser og positioner i et ustabilt equilibrium\n• Undgå tom hest",null,null,null,null,null,null,null,null,null,"C3\n25%",null,{"$f":"ROUND(O16*0.25,3)","v":0}]
[null,null,null,"Udnyttelse af musikken / kropssprog / udtryk\n• Fuld indlevelse i et gennemført musikalsk artistisk koncept\n• Gribende fortolkning af musikken\n• Høj grad af variation i udtryk, der afspejler forskellige og foranderlige elementer i musikken\n• Komplekst kropssprog og multidirektionale krops- og armbevægelser ",null,null,null,null,null,null,null,null,null,"C4\n25%",null,{"$f":"ROUND(O17*0.25,3)","v":0}]
[]
[null,"Kommentarer",null,null,null,null,null,null,null,"Fradrag:"]
[]
[null,null,null,null,null,null,null,null,null,"Total artistisk score:",null,null,null,null,null,{"$f":"ROUND(SUM(P13:P17)-P19,3)","v":0}]
[]
[]
[]
[]
[null,null,null,null,"Dommer",null,null,null,null,null,null,"Underskrift"]

{"sheet":"$Artistisk1","index":16,"n_rows":26,"n_cols":16,"rows_kept":26,"cut":false,"hidden":true,"merged":[[0,1,0,2],[0,3,0,9],[0,12,1,13],[0,14,1,15],[1,1,1,2],[1,3,1,9],[2,1,2,9],[2,12,2,13],[2,14,2,15],[3,1,3,2],[3,3,3,9],[3,12,3,13],[3,14,3,15],[6,1,6,2],[6,3,6,9],[6,10,6,11],[6,12,6,15],[7,1,7,2],[7,3,7,9],[7,10,7,15],[4,1,4,2],[4,12,4,15],[5,1,5,2],[5,3,5,9],[5,10,5,11],[5,12,5,15],[4,3,4,9],[9,1,9,2],[9,3,9,9],[9,10,9,11],[9,12,9,15],[8,1,8,2],[8,3,8,9],[8,10,8,11],[8,12,8,15],[18,1,21,7],[11,13,11,15],[16,3,16,12],[23,11,24,15],[25,11,25,15],[18,9,18,14],[20,9,20,14],[23,4,24,9],[25,4,25,9],[15,3,15,12],[13,1,14,2],[13,3,13,12],[14,3,14,12],[15,1,16,2],[12,1,12,2],[12,3,12,12]]}
[null,"Stævne:",null,{"$f":"IF(Sted<>0,Sted,\"\")","v":""},null,null,null,null,null,null,{"$f":"P21","v":0},null,"Dommerbord:"]
[null,"Dato:",null,{"$f":"IF(Dato<>0,Dato,\"\")","v":""}]
[null,null,null,null,null,null,null,null,null,null,null,null,"Runde nr:"]
[null,"Hold:",null,{"$f":"IF(Hold<>0,Hold,\"\")","v":""},null,null,null,null,null,null,null,null,"Klasse nr:",null,{"$f":"IF(KlasseNr<>0,KlasseNr,\"\")","v":""}]
[null,"Udøver 1:",null,{"$f":"IF(Navn1<>0,Navn1,\"\")","v":""}]
[null,"Udøver 2:",null,{"$f":"IF(Navn2<>0,Navn2,\"\")","v":""},null,null,null,null,null,null,"Klub:",null,{"$f":"IF(Klub<>0,Klub,\"\")","v":""}]
[null,"Udøver 3:",null,{"$f":"IF(Navn3<>0,Navn3,\"\")","v":""},null,null,null,null,null,null,"Holdlicensnr.:",null,{"$f":"IF(Licens<>0,Licens,\"\")","v":""}]
[null,"Udøver 4:",null,{"$f":"IF(Navn4<>0,Navn4,\"\")","v":""}]
[null,"Udøver 5:",null,{"$f":"IF(Navn5<>0,Navn5,\"\")","v":""},null,null,null,null,null,null,"Hest:",null,{"$f":"IF(Hest<>0,Hest,\"\")","v":""}]
[null,"Udøver 6:",null,{"$f":"IF(Navn6<>0,Navn6,\"\")","v":""},null,null,null,null,null,null,"Longefører:",null,{"$f":"IF(LongeF<>0,LongeF,\"\")","v":""}]
[]
[null,null,null,null,null,null,null,null,null,null,null,null,null,"Point 0 til 10"]
[null,"Hensyn og harmoni",null,"Hensyn til og harmoni med hesten\n• Valg af elementer og øvelser i harmoni med hesten baseret\npå belastning, sammensætning, balance og kontakt/forbindelse\n• Valg af øvelser der ikke overbelaster hesten",null,null,null,null,null,null,null,null,null,"COH\n20%",null,{"$f":"ROUND(O13*0.2,3)","v":0}]
[null,"Struktur",null,"Variation - øvelser\n• Fordeling mellem statiske og dynamiske øvelser\n• Fordeling mellem en-mands, to-mands øvelser\ntre-mands øvelser er ikke tilladt\n• Valg af kombinationer\n• Valg af øvelser, positioner og overgange fra forskellige strukturgrupper",null,null,null,null,null,null,null,null,null,"C1\n25%",null,{"$f":"ROUND(O14*0.25,3)","v":0}]
[null,null,null,"Variation - position\n• Variation af placering af øvelser i forhold til hesten og i forhold til bevægelsesretningen\n• Brug af hele hesten: udnytte af alle områder af hesten inklusiv ryg og hals\n• Relativ lige deltagelse af alle voltigører\n• Relativ lige deltagelse i roller og artistisk koncept",null,null,null,null,null,null,null,null,null,"C2\n20%",null,{"$f":"ROUND(O15*0.2,3)","v":0}]
[null,"Koreografi",null,"Sammensætning og kompleksitet\n• Flydende overgange og bevægelser der viser flow, kontrol og sammenhæng\n• Elementer, sekvenser, overgange, positioner og kombinationer af øvelser, der demonstrerer frihed i bevægelsen\n• Evne til at kontrollere og forbinde bevægelser og positioner i et ustabilt equilibrium\n• Undgå tom hest",null,null,null,null,null,null,null,null,null,"C3\n20%",null,{"$f":"ROUND(O16*0.2,3)","v":0}]
[null,null,null,"Udnyttelse af musikken / kropssprog / udtryk\n• Fuld indlevelse i et gennemført musikalsk artistisk koncept\n• Gribende fortolkning af musikken\n• Høj grad af variation i udtryk, der afspejler forskellige og foranderlige elementer i musikken\n• Komplekst kropssprog og multidirektionale krops- og armbevægelser ",null,null,null,null,null,null,null,null,null,"C4\n15%",null,{"$f":"ROUND(O17*0.15,3)","v":0}]
[]
[null,"Kommentarer",null,null,null,null,null,null,null,"Fradrag:"]
[]
[null,null,null,null,null,null,null,null,null,"Total artistisk score:",null,null,null,null,null,{"$f":"ROUND(SUM(P13:P17)-P19,3)","v":0}]
[]
[]
[]
[]
[null,null,null,null,"Dommer",null,null,null,null,null,null,"Underskrift"]

{"sheet":"$Stam","index":17,"n_rows":45,"n_cols":14,"rows_kept":45,"cut":false,"hidden":true,"merged":[[1,1,3,5],[1,6,1,8],[1,9,1,15],[2,6,2,8],[2,9,2,15],[3,6,3,8],[3,9,3,15],[5,1,15,5],[5,6,5,8],[5,9,5,15],[6,6,6,8],[6,9,6,15],[7,6,7,8],[7,9,7,15],[8,6,8,8],[8,9,8,15],[9,6,9,8],[9,9,9,15],[10,6,10,8],[10,9,10,15],[11,6,11,8],[11,9,11,15],[13,6,13,8],[13,9,13,15],[14,6,14,8],[14,9,14,15],[12,6,12,8],[12,9,12,15],[15,6,15,8],[15,9,15,15],[34,10,34,12],[34,13,34,15],[17,1,18,5],[17,6,17,8],[17,9,17,15],[18,6,18,8],[18,9,18,15],[30,1,39,5],[30,10,30,12],[30,13,30,15],[31,6,34,8],[31,10,31,12],[31,13,31,15],[32,10,32,12],[32,13,32,15],[33,10,33,12],[33,13,33,15],[35,6,38,8],[35,10,35,12],[35,13,35,15],[36,10,36,12],[36,13,36,15],[37,10,37,12],[37,13,37,15],[38,10,38,12],[38,13,38,15],[39,6,39,8],[39,9,39,10],[39,11,39,12],[39,13,39,15],[44,7,45,9],[44,10,45,11]]}
[]
[null,"Oplysninger om stævnet",null,null,null,null,"Dato:"]
[null,null,null,null,null,null,"Stævne:"]
[null,null,null,null,null,null,"Klassenummer:"]
[]
[null,"Oplysninger om holdet",null,null,null,null,"Hold:"]
[null,null,null,null,null,null,"Klub:"]
[null,null,null,null,null,null,"Holdlicensnummer:"]
[null,null,null,null,null,null,"Udøver 1:"]
[null,null,null,null,null,null,"Udøver 2:"]
[null,null,null,null,null,null,"Udøver 3:"]
[null,null,null,null,null,null,"Udøver 4:"]
[null,null,null,null,null,null,"Udøver 5:"]
[null,null,null,null,null,null,"Udøver 6:"]
[null,null,null,null,null,null,"Udøver 7:"]
[null,null,null,null,null,null,"Udøver 8:"]
[]
[null,"Oplysninger om hesten",null,null,null,null,"Hest:"]
[null,null,null,null,null,null,"Longefører:"]
[]
[]
[]
[]
[]
[]
[]
[]
[]
[]
[]
[null,"Resultater\nData hentes af resultatskema, flyt eller rediger ikke denne boks",null,null,null,null,null,null,null,null,"Runde 1",null,null,"Runde 2"]
[null,null,null,null,null,null,"Obligatorisk",null,null,"A"]
[null,null,null,null,null,null,null,null,null,"B"]
[null,null,null,null,null,null,null,null,null,"C"]
[null,null,null,null,null,null,null,null,null,"D"]
[null,null,null,null,null,null,"Frit program",null,null,"A"]
[null,null,null,null,null,null,null,null,null,"B"]
[null,null,null,null,null,null,null,null,null,"C"]
[null,null,null,null,null,null,null,null,null,"D"]
[null,null,null,null,null,null,"Klasse"]
[]
[]
[]
[]
[null,null,null,null,null,null,null,"Total",null,null,{"$f":"IF(COUNTIF(K32:P39,\">0\"),SUM(K32:P39)/COUNTIF(K32:P39,\">0\"),\"\")","v":""}]